| Registos Bibliográficos associados ao registo de autoridade |
|
Etiqueta de registo: 00577cam 2200193 450 001 1098415 003 http://id.bnportugal.gov.pt/bib/catbnp/1098415 100 ## $a19940227d1864 m y0pory01030103ba 101 0# $aita$apor 102 ## $aPT 105 ## $ac z 000iy 106 ## $ar 200 1# $aFingal$edrama lyrico em 3 actos$fmúsica do maestro Pedro Antonio Coppola$gpoesia de Caetano Solito 210 #9 $aLisboa$cTyp. de Costa Sanches,$d1864 215 ## $a63 p.$d20 cm 225 2# $aGaleria lyrica$ecollecção de librettos de operas italianas.$hSerie 1$v3 300 ## $aPersonagens: Starn, Aganadeca, Fingal, Snivan, Ullin 304 ## $aEd. bilingue em italiano e português 317 ## $aConservatório Nacional$5PTBN: C.N. 786 P. 606 ## $aÓperas$j[Libretos]$2SIPOR$31158641 675 ## $a78.089.1$vBN$zpor$3506605 675 ## $a82-293$vBN$zpor$3488282 700 #1 $aSolito,$bGaetano,$ffl. 1846-1894$3168709 702 #1 $aCoppola,$bPietro Antonio,$f1793-1877$4230$386006 712 02 $aTipografia de Costa Sanches$c(Lisboa)$4610$31290550 712 01 $aPortugal.$bConservatório Nacional.$bEscola de Música$4390$31172174 801 #0 $aPT$bBN$gRPC 856 40 $2Cópia digital disponível na Biblioteca del Liceo Musicale di Bologna$uhttp://www.bibliotecamusica.it/cmbm/viewschedatwbca.asp?path=/cmbm/images/ripro/libretti/07/Lo07095/ 966 ## $lBN$mFGMON$sL. 2163//11 A. $x0 966 ## $lBN$mFGMON$sL. 2165//4 A. $x0 966 ## $lBN$mMUSICA$pConservatório Nacional$sC.N. 786 P. $x7 976 ## $d20260424$rjamaral 997 ## $aBIBEOD
Etiqueta de registo: 00230nam 2200025 450 001 1707055 003 http://id.bnportugal.gov.pt/bib/catbnp/1707055 100 ## $a20090326d1878 m y0pory0103 ba 101 0# $apor 102 ## $aPT 105 ## $ay z 000yy 106 ## $ar 200 1# $aProjecto de construção de um Grande Theatro Lyrico$ebazar bon marchè$esalões d'exposições, etc. 210 #9 $aLisboa$cTyp. de Costa Sanches,$d1878 215 ## $a9 p.$d19 cm 518 1# $aProjecto de construção de um grande teatro lírico : 675 ## $a792.05(469)"1878"(042)$vBN$zpor$31529362 712 02 $aTipografia de Costa Sanches$c(Lisboa)$4650$31290550 801 #0 $aPT$bBN$gRPC 856 40 $2Cópia digital disponível na Biblioteca Digital Hispânica$uhttp://bdh.bne.es/bnesearch/detalle/bdh0000158233 966 ## $lBN$mFGMON$sB.A. 9352 P.$x6
Etiqueta de registo: 00269nam 2200145 450 001 1704809 003 http://id.bnportugal.gov.pt/bib/catbnp/1704809 100 ## $a20090309d1869 m y0pory01030103ba 101 1# $aita $apor 102 ## $aPT 105 ## $ay z 000iy 106 ## $ar 200 1# $a A africana$eopera em 5 actos$fpoesia de Eugenio Scribe$gvertida em italiano por M. Marcello$ge musica de G. Meyerbeer 210 #9 $aLisboa$cTyp. de Costa Sanches,$d1869 215 ## $a99 p.$d19 cm 300 ## $aPersonagens: D. Pedro, D. Diogo, D. Inez, Guido de Arezzo, D. Alvaro, Nelusko, Selika,
O Grande Sacerdote de Brahma, Anna, O Presidente do Conselho, um porteiro, um sacerdote 304 ## $aAdvertencia da autoria de J. M. de Andrade Ferreira 305 ## $aEd. bilingue em italiano e português 316 ## $aMau estado, folhas soltas$5M. 1096 P. 317 ## $aTeatro Nacional de São Carlos$5PTBN: T.S.C. 1461 P.-T.S.C. 1463 P. 317 ## $aConservatório Nacional$5PTBN: C.N. 497 P. 500 11 $a L' Africaine.$nLibreto 606 ## $aÓperas$j[Libretos]$2SIPOR$31158641 675 ## $a782$vBN$zpor$3291551 675 ## $a78.089.1$vBN$zpor$3506605 700 #1 $aScribe,$bEugène,$f1791-1861$399191 701 #1 $aMeyerbeer,$bGiacomo,$f1791-1864$4230$399196 702 #1 $aMarcello,$bMarco Marcelliano,$f1818-1865$4730$3113420 702 #1 $aFerreira,$bJosé Maria de Andrade,$f1823-1875$4080$3582972 712 02 $aTipografia de Costa Sanches$c(Lisboa)$4650$31290550 712 01 $aPortugal.$bTeatro Nacional de São Carlos$4390$315629 712 01 $aPortugal.$bConservatório Nacional.$bEscola de Música$4390$31172174 801 #0 $aPT$bBN$gRPC 856 40 $2Cópia digital disponível na Internet Archive$uhttps://archive.org/details/africanaoperaem500meye 966 ## $lBN$mMUSICA$pConservatório Nacional$sC.N. 498 P. $x7 966 ## $lBN$mMUSICA$sM. 1096 P.$x6 966 ## $lBN$mMUSICA$sT.S.C. 1461 P.$x6 966 ## $lBN$mMUSICA$sT.S.C. 1462 P.$x6 966 ## $lBN$mMUSICA$sT.S.C. 1463 P.$x6 997 ## $aBIBEOD
Etiqueta de registo: 00269nam 2200145 450 001 1675181 003 http://id.bnportugal.gov.pt/bib/catbnp/1675181 100 ## $a20080116d1865 m y0pory01030103ba 101 1# $aita $apor 102 ## $aPT 105 ## $ay z 000iy 106 ## $ar 200 1# $aRoberto o diabo$eopera em 5 actos$fdo maestro Meyerbeer 210 #9 $aLisboa$cTyp. de Costa Sanches,$d1865 215 ## $a93 p.$d20 cm 300 ## $aPersonagens: Roberto, Bertram, Rambaldo, Haraldo, Isabel, Alberti, Alice, sacerdote 304 ## $aEd. bilingue em italiano e português 316 ## $aCadernos soltos$5PTBN: M. 1583 P. 317 ## $aConservatório Nacional$5PTBN: C.N. 806 P. 500 10 $aRobert le diable.$nLibreto 606 ## $aÓperas$j[Libretos]$2SIPOR$31158641 675 ## $a78.089.1$vBN$zpor$3506605 675 ## $a82-293$vBN$zpor$3488282 700 #1 $aScribe,$bEugène,$f1791-1861$399191 701 #1 $aDelavigne,$bGermain,$f1790-1868$4070$382673 701 #1 $aMeyerbeer,$bGiacomo,$f1791-1864$4230$399196 712 02 $aTipografia de Costa Sanches$c(Lisboa)$4610$31290550 712 01 $aPortugal.$bConservatório Nacional.$bEscola de Música$4390$31172174 801 #0 $aPT$bBN$gRPC 966 ## $lBN$mMUSICA$pConservatório Nacional$sC.N. 806 P. $x7 966 ## $lBN$mMUSICA$sM. 1583 P. 976 ## $d20260429$rjamaral 997 ## $aBIBEOD
Etiqueta de registo: 00269nam 2200145 450 001 1675171 003 http://id.bnportugal.gov.pt/bib/catbnp/1675171 100 ## $a20080115d1864 m y0pory01030103ba 101 1# $aita $apor 102 ## $aPT 105 ## $ay z 000iy 106 ## $ar 200 1# $a O propheta$eopera em 5 actos$fmusica do cavalheiro G. Meyerbeer$gpoesia original franceza de Mr. Eugenio Scribe$gversão italiana dos Srs. Santo Mango e A. Prefumo$gversão portugueza de Antonio Perfumo 210 #9 $aLisboa$cTyp. de Costa Sanches,$d1864 215 ## $a95 p.$d20 cm 300 ## $aPersonagens: João de Leyde, Zacharias, Jonas, Mathias, Conde D'Oberthal, Fides, Berta,
Camponez, soldado, burguez, menino do coro 304 ## $aEd. bilingue em italiano e português 316 ## $aCadernos soltos$5PTBN: M. 1582 P. 317 ## $aConservatório Nacional$5PTBN: C.N. 804 P. 500 10 $a Le prophète.$nLibreto 518 1# $a O profeta 606 ## $aÓperas$j[Libretos]$2SIPOR$31158641 675 ## $a78.089.1$vBN$zpor$3506605 675 ## $a82-293$vBN$zpor$3488282 700 #1 $aScribe,$bEugène,$f1791-1861$399191 701 #1 $aMeyerbeer,$bGiacomo,$f1791-1864$4230$399196 702 #1 $aPrefumo,$bAntónio,$f?-1857$4730$3165163 712 02 $aTipografia de Costa Sanches$c(Lisboa)$4610$31290550 712 01 $aPortugal.$bConservatório Nacional.$bEscola de Música$4390$31172174 801 #0 $aPT$bBN$gRPC 966 ## $lBN$mMUSICA$pConservatório Nacional$sC.N. 804 P. $x7 966 ## $lBN$mMUSICA$sM. 1582 P. 976 ## $d20260429$rjamaral 997 ## $aBIBEOD
Etiqueta de registo: 00269nam 2200145 450 001 1675140 003 http://id.bnportugal.gov.pt/bib/catbnp/1675140 100 ## $a20080115d1865 m y0pory01030103ba 101 1# $aita $apor 102 ## $aPT 105 ## $ay z 000iy 106 ## $ar 200 1# $a O trovador$edrama em 4 actos$fmusica do maestro Verdi$gpoesia de Salvador Cammarano 210 #9 $aLisboa$cTyp. de Costa Sanches,$d1865 215 ## $a77, [2] p.$d20 cm 225 2# $aGaleria lyrica 300 ## $aPersonagens: Conde de Luna, Leonor, Açucena, Manrique, Ferrando, Ignez, Ruiz, velho
cigano, mensageiro 304 ## $aEd. bilingue em italiano e português 317 ## $aConservatório Nacional$5PTBN: C.N. 808 P. 500 10 $a Il trovatore.$nLibreto 606 ## $aÓperas$j[Libretos]$2SIPOR$31158641 675 ## $a78.089.1$vBN$zpor$3506605 675 ## $a82-293$vBN$zpor$3488282 700 #1 $aCammarano,$bSalvatore,$f1801-1852$393988 702 #1 $aVerdi,$bGiuseppe,$f1813-1901$4230$352891 712 02 $aTipografia de Costa Sanches$c(Lisboa)$4610$31290550 712 01 $aPortugal.$bConservatório Nacional.$bEscola de Música$4390$31172174 801 #0 $aPT$bBN$gRPC 966 ## $lBN$mMUSICA$pConservatório Nacional$sC.N. 808 P. $x7 966 ## $lBN$mMUSICA$sM. 1578 P. 997 ## $aBIBEOD
Etiqueta de registo: 00269nam 2200145 450 001 1673517 003 http://id.bnportugal.gov.pt/bib/catbnp/1673517 100 ## $a20071206d1862 k y0pory0103 ba 101 1# $aita $apor 102 ## $aPT 105 ## $ay z 000yy 106 ## $ar 200 1# $a Il trionfo della virtù$bLibreto]$ecantata in un atto$fmusica del M.º Cav. G. G. Daddi$gpoesia di G. P. Bianchi 210 #9 $aLisbona$cStamperia di Costa Canches,$d1862 215 ## $a23 [1] p.$d20 cm 300 ## $aNa folha de rosto: 'Da eseguirsi al Regio Teatro di San Carlo onde festeggiare l'auspicatissimo
connubio di Sua Maestá Il Rè D. Luigi I. con Sua Altezza Reale La Principessa Maria
Pia di Savoia.' 300 ## $aEdição bilingue: texto italiano e tradução portuguesa frente a frente 317 ## $aProv.: Teatro de São Carlos$5PTBN: T.S.C. 1338 P. 327 1# $aOs intérpretes associados à lista dos personagens 500 10 $a Il trionfo della virtù$lCantatas 601 02 $aTeatro de São Carlos$j[Libretos]$2SIPOR$31264404 606 ## $aLibretos$2SIPOR$3162053 620 ## $dLisboa 675 ## $a78.089.1$vBN$zpor$3506605 675 ## $a82-293$vBN$zpor$3488282 700 #1 $aBianchi,$bG. P.,$ffl. 186-$31306866 702 #1 $aDaddi,$bJoão Guilherme,$f1813-1887$4230$336633 712 02 $aTipografia de Costa Sanches$c(Lisboa)$4610$31290550 712 01 $aPortugal.$bTeatro Nacional de São Carlos$4390$315629 801 #0 $aPT$bBN$gRPC 966 ## $lBN$mMUSICA$sT.S.C. 1338 P.$x6 997 ## $aBIBEOD
Etiqueta de registo: 00269nam 2200145 450 001 1671853 003 http://id.bnportugal.gov.pt/bib/catbnp/1671853 100 ## $a20071119d1866 k y0pory0103 ba 101 0# $apor 102 ## $aPT 105 ## $ay z 000yy 106 ## $ar 200 1# $a O sonho d'um Vizir$bLibreto]$edivertissement phantastico em 3 quadros$fpelo coreographo Francisco Magri$gmusica do maestro Pedro Bianchini 210 #9 $aLisboa$cTyp. de Costa Sanches,$d1866 215 ## $a8 p.$d20 cm 300 ## $aNa folha de rosto: 'Para ser representado no Real Theatro de S. Carlos em Outubro
de 1866.' 317 ## $aProv.: Teatro de São Carlos$5PTBN: T.S.C. 1278 P. 327 1# $aOs intérpretes associados à lista dos personagens 500 10 $a O sonho de um Vizir$lBailados 601 02 $aTeatro de São Carlos$j[Libretos]$2SIPOR$31264404 606 ## $aBailados$j[Argumentos]$2SIPOR$31266179 606 ## $aLibretos$2SIPOR$3162053 620 ## $dLisboa 675 ## $a78.089.1$vBN$zpor$3506605 675 ## $a82-293$vBN$zpor$3488282 700 #1 $aMagri,$bFrancisco,$ffl. 1866$31304625 702 #1 $aBianchini,$bPietro,$f1828-1905$4230$31304624 712 02 $aTipografia de Costa Sanches$c(Lisboa)$4610$31290550 712 01 $aPortugal.$bTeatro Nacional de São Carlos$4390$315629 801 #0 $aPT$bBN$gRPC 966 ## $lBN$mMUSICA$sT.S.C. 1278 P.$x6 997 ## $aBIBEOD
Etiqueta de registo: 00269nam 2200145 450 001 1668309 003 http://id.bnportugal.gov.pt/bib/catbnp/1668309 100 ## $a20071002d1898 m y0pory0103 ba 101 0# $apor 102 ## $aPT 200 1# $aTannhauser$bLibreto]$eopera em tres actos e 4 quadros$fde Ricardo Wagner 210 #9 $aLisboa,$cTypographia e Lithographia de Costa Sanches Filhos,$d1898 215 ## $a8 p.$d20 cm 316 ## $aEm mau estado, papel muito acicificado. Carimbo do Conservatório Nacional com a inscrição
"Legado Augusto Rosa"$5PTBN: C.N. 322 P. 317 ## $aProv.: Conservatório Nacional$5PTBN: C.N. 322 P. 500 10 $aTannhäuser$lÓperas 606 ## $2SIPOR$31273101 606 ## $2SIPOR$3162053 620 ## $dLisboa 675 ## $a78.089.1$vBN$zpor$3506605 675 ## $a82-293$vBN$zpor$3488282 700 #1 $aWagner,$bRichard,$f1813-1883$336996 702 #1 $aRosa,$bAugusto,$f1852-1918$4390$3158789 712 02 $aTipografia de Costa Sanches$c(Lisboa)$4650$31290550 712 01 $aPortugal.$bConservatório Nacional.$bEscola de Música$4390$31172174 801 #0 $aPT$bBN$gRPC 966 ## $lBN$mMUSICA$sC.N. 322 P. $x6 997 ## $aBIBEOD
Etiqueta de registo: 00269nam 2200145 450 001 1667781 003 http://id.bnportugal.gov.pt/bib/catbnp/1667781 100 ## $a20071002d1874 m y0pory0103 ba 101 0# $apor 102 ## $aPT 200 1# $aLucrecia Borgia$bLibreto]$eopera em tres actos$fC. Donizzetti 210 #9 $aLisboa,$c[Typ. de Costa Sanches],$d1874$g(Typ. Progressista) 215 ## $a8 p.$d20 cm 225 2# $aArgumentos de óperas italianas 316 ## $aCarimbo do Conservatório Nacional com a inscrição "Legado Augusto Rosa"$5PTBN: C.N. 320 P. 317 ## $aProv.: Conservatório Nacional$5PTBN: C.N. 320 P. 500 10 $aLucrezia Borgia$lÓperas 606 ## $aÓperas$x[Argumentos]$31273101 606 ## $aLibretos$2CLIPMU$3162053 620 ## $dLisboa 675 ## $a78.089.1$vBN$zpor$3506605 675 ## $a82-293$vBN$zpor$3488282 700 #1 $aRomani,$bFelice,$f1788-1865$364211 702 #1 $aDonizetti,$bGaetano,$f1797-1848$4230$334941 702 #1 $aRosa,$bAugusto,$f1852-1918$4390$3158789 712 02 $aTipografia de Costa Sanches$c(Lisboa)$4650$31290550 712 01 $aPortugal.$bConservatório Nacional.$bEscola de Música$4390$31172174 801 #0 $aPT$bBN$gRPC 966 ## $lBN$mMUSICA$sC.N. 320 P. $x6 997 ## $aBIBEOD
Etiqueta de registo: 00269nam 2200145 450 001 1667321 003 http://id.bnportugal.gov.pt/bib/catbnp/1667321 100 ## $a20071002d1867 m y0pory0103 ba 101 0# $apor 102 ## $aPT 200 1# $aErnani$bLibreto]$eArgumento da opera$eem 4 actos$fMusica do Maestro G. Verdi 210 #9 $aLisboa$cTyp. de Costa Sanches,$d[1867] 215 ## $a8 p.$d20 cm 316 ## $aCarimbo do Conservatório Nacional com a inscrição "Legado Augusto Rosa"$5PTBN: C.N. 319 P. 317 ## $aProv.: Conservatório Nacional$5PTBN: C.N. 319 P. 321 ## $aMoreau, Mário - O Teatro de S. Carlos: 2 séculos de história 327 1# $aOs intérpretes associados à lista de personagens 500 10 $aErnani$lÓperas 606 ## $aÓperas$x[Argumentos]$2SIPOR$31273101 606 ## $aLibretos$2SIPOR$3162053 620 ## $dLisboa 675 ## $a78.089.1$vBN$zpor$3506605 675 ## $a82-293$vBN$zpor$3488282 700 #1 $aPiave,$bFrancesco Maria,$f1810-1876$384005 702 #1 $aHugo,$bVictor,$f1802-1885$4100$323526 702 #1 $aVerdi,$bGiuseppe,$f1813-1901$4230$352891 702 #1 $aRosa,$bAugusto,$f1852-1918$4390$3158789 712 02 $aTipografia de Costa Sanches$c(Lisboa)$4650$31290550 712 01 $aPortugal.$bConservatório Nacional.$bEscola de Música$4390$31172174 801 #0 $aPT$bBN$gRPC 966 ## $lBN$mMUSICA$sC.N. 319 P. $x6 997 ## $aBIBEOD
Etiqueta de registo: 00269nam 2200145 450 001 1667158 003 http://id.bnportugal.gov.pt/bib/catbnp/1667158 100 ## $a20070927d1867 m y0pory0103 ba 101 0# $apor 102 ## $aPT 200 1# $aLucia de Lammermoor$bLibreto]$eem 3 actos$eargumento da opera$fmusica do Maestro C. Donizzetti 210 #9 $aLisboa$cTypographia de Costa Sanches,$d1867 215 ## $a8 p.$d20 cm 316 ## $aCarimbo do Conservatório Nacional com a inscrição "Legado Augusto Rosa"$5PTBN: C.N. 313 P. 317 ## $aProv.: Conservatório Nacional$5PTBN: C.N. 313 P. 500 10 $aLucia di Lammermoor$lÓperas 606 ## $aÓperas$x[Argumentos]$31273101 606 ## $aLibretos$2CLIPMU$3162053 620 ## $dLisboa 675 ## $a78.089.1$vBN$zpor$3506605 675 ## $a82-293$vBN$zpor$3488282 700 #1 $aCammarano,$bSalvatore,$f1801-1852$393988 702 #1 $aDonizetti,$bGaetano,$f1797-1848$4230$334941 702 #1 $aRosa,$bAugusto,$f1852-1918$4390$3158789 712 02 $aTipografia de Costa Sanches$c(Lisboa)$4650$31290550 712 01 $aPortugal.$bConservatório Nacional.$bEscola de Música$4390$31172174 801 #0 $aPT$bBN 966 ## $lBN$mMUSICA$sC.N. 313 P. $x6 997 ## $aBIBEOD
Etiqueta de registo: 00269nam 2200145 450 001 1667151 003 http://id.bnportugal.gov.pt/bib/catbnp/1667151 100 ## $a20070927d1868 m y0pory0103 ba 101 0# $apor 102 ## $aPT 200 1# $aPoliuto$bLibreto]$eem tres actos$eargumento da opera$fmusica do Maestro C. Donizzetti 210 #9 $aLisboa$cTypographia de Costa Sanches,$d1868 215 ## $a8 p.$d20 cm 316 ## $aCarimbo do Conservatório Nacional com a inscrição "Legado Augusto Rosa"$5PTBN: C.N. 312 P. 317 ## $aProv.: Conservatório Nacional$5PTBN: C.N. 312 P. 500 10 $aPoliuto$lÓperas 606 ## $aÓperas$x[Argumentos]$31273101 606 ## $aLibretos$2CLIPMU$3162053 620 ## $dLisboa 675 ## $a78.089.1$vBN$zpor$3506605 675 ## $a82-293$vBN$zpor$3488282 700 #1 $aCammarano,$bSalvatore,$f1801-1852$393988 702 #1 $aDonizetti,$bGaetano,$f1797-1848$4230$334941 702 #1 $aRosa,$bAugusto,$f1852-1918$4390$3158789 712 02 $aTipografia de Costa Sanches$c(Lisboa)$4650$31290550 712 01 $aPortugal.$bConservatório Nacional.$bEscola de Música$4390$31172174 801 #0 $aPT$bBN 966 ## $lBN$mMUSICA$sC.N. 312 P. $x6 997 ## $aBIBEOD
Etiqueta de registo: 00269nam 2200145 450 001 1667137 003 http://id.bnportugal.gov.pt/bib/catbnp/1667137 100 ## $a20070927d1867 m y0pory0103 ba 101 0# $apor 102 ## $aPT 200 1# $a Os Huguenotes$bLibreto]$eem 5 actos$eargumento da opera$fmusica do Maestro Meyerbeer 210 #9 $aLisboa$cTyp. Costa Sanches,$d1867 215 ## $a8 p.$d20 cm 316 ## $aCarimbo do Conservatório Nacional com a inscrição "Legado Augusto Rosa"$5PTBN: C.N. 311 P. 317 ## $aProv.: Conservatório Nacional$5PTBN: C.N. 311 P. 327 1# $aOs intérpretes associados à lista dos personagens 500 10 $a Les Huguenots$lÓperas 606 ## $aÓperas$x[Argumentos]$31273101 606 ## $aLibretos$2CLIPMU$3162053 620 ## $dLisboa 675 ## $a78.089.1$vBN$zpor$3506605 675 ## $a82-293$vBN$zpor$3488282 700 #1 $aScribe,$bEugène,$f1791-1861$399191 702 #1 $aMeyerbeer,$bGiacomo,$f1791-1864$4230$399196 702 #1 $aRosa,$bAugusto,$f1852-1918$4390$3158789 712 02 $aTipografia de Costa Sanches$c(Lisboa)$4650$31290550 712 01 $aPortugal.$bConservatório Nacional.$bEscola de Música$4390$31172174 801 #0 $aPT$bBN 966 ## $lBN$mMUSICA$sC.N. 311 P. $x6 997 ## $aBIBEOD
Etiqueta de registo: 00269nam 2200145 450 001 1667043 003 http://id.bnportugal.gov.pt/bib/catbnp/1667043 100 ## $a20070926d1875 m y0pory0103 ba 101 0# $apor 102 ## $aPT 200 1# $a Um baile de mascaras$bLibreto]$eopera em 4 actos$fGiuseppe Verdi 210 #9 $aLisboa$c[Typographia de Costa Sanches],$d1875 215 ## $a8 p.$d20 cm 225 2# $aArgumentos de óperas italianas 316 ## $aCarimbo do Conservatório Nacional com a inscrição "Legado Augusto Rosa"$5PTBN: C.N. 304 P. 317 ## $aProv.: Conservatório Nacional$5PTBN: C.N. 303/4 P. 500 10 $a Un ballo in maschera$lÓperas 606 ## $2SIPOR$31273101 606 ## $2SIPOR$3162053 620 ## $dLisboa 675 ## $a82-293$vBN$zpor$3488282 675 ## $a78.089.1$vBN$zpor$3506605 700 #1 $aSomma,$bAntonio,$f1809-1864$3220148 702 #1 $aVerdi,$bGiuseppe,$f1813-1901$4230$352891 702 #1 $aRosa,$bAugusto,$f1852-1918$4390$3158789 712 02 $aTipografia de Costa Sanches$c(Lisboa)$4610$31290550 712 01 $aPortugal.$bConservatório Nacional.$bEscola de Música$4390$31172174 801 #0 $aPT$bBN 966 ## $lBN$mMUSICA$sC.N. 303 P. $x6 966 ## $lBN$mMUSICA$sC.N. 304 P. $x6 997 ## $aBIBEOD
Etiqueta de registo: 00269nam 2200145 450 001 1665389 003 http://id.bnportugal.gov.pt/bib/catbnp/1665389 100 ## $a20000317d1875 m y0pory0103 ba 101 0# $apor 102 ## $aPT 105 ## $ay z 000yy 106 ## $ar 200 1# $aLinda de Chamounix$bLibreto]$eopera em 3 actos$fC. Donizzetti 205 ## $a2ª edição 210 #9 $aLisboa$c[Typographia de Costa Sanches],$d1875 215 ## $a8 p.$d19 cm 225 2# $aArgumentos de operas italianas 316 ## $aCarimbo do Conservatório Nacional com a inscrição "Legado Augusto Rosa"$5PTBN: C.N. 296 P. 317 ## $aProv.: Conservatório Nacional$5PTBN: C.N. 296/7 P. 500 10 $aLinda di Chamounix$lÓperas 606 ## $aÓperas$x[Argumentos]$31273101 606 ## $aLibretos$2CLIPMU$3162053 620 ## $dLisboa 675 ## $a78.089.1$vBN$zpor$3506605 675 ## $a82-293$vBN$zpor$3488282 700 #1 $aRossi,$bGaetano,$f1774-1855$398984 702 #1 $aEnnery,$bAdolphe d',$f1811-1899$4100$339465 702 #1 $aLemoîne,$bGustave,$f1802-1885$4100$3649654 702 #1 $aDonizetti,$bGaetano,$f1797-1848$4230$334941 702 #1 $aRosa,$bAugusto,$f1852-1918$4390$3158789 712 02 $aTipografia de Costa Sanches$c(Lisboa)$4610$31290550 712 01 $aPortugal.$bConservatório Nacional.$bEscola de Música$4390$31172174 801 #0 $aPT$bBN 966 ## $lBN$mMUSICA$sC.N. 296 P. $x6 966 ## $lBN$mMUSICA$sC.N. 297 P. $x6 997 ## $aBIBEOD
Etiqueta de registo: 00269nam 2200145 450 001 1665207 003 http://id.bnportugal.gov.pt/bib/catbnp/1665207 100 ## $a20070924d1871 k y0pory0103 ba 101 0# $apor 102 ## $aPT 105 ## $ay z 000yy 106 ## $ar 200 1# $aMaria de Rohan$bLibreto]$eOpera em 3 actos$fC. Donizzetti 210 #9 $aLisboa$cTypographia de Costa Sanches,$d1871 215 ## $a8 p.$d20 cm 225 2# $aArgumentos de operas italianas 316 ## $aCarimbo do Conservatório Nacional com a inscrição "Legado Augusto Rosa"$5PTBN: C.N. 293 P. 317 ## $aProv.: Conservatório Nacional$5PTBN: C.N. 292/3/4 P. 500 10 $aMaria di Rohan$lÓperas 606 ## $aÓperas$x[Argumentos]$31273101 606 ## $aLibretos$2CLIPMU$3162053 620 ## $dLisboa 675 ## $a78.089.1$vBN$zpor$3506605 675 ## $a82-293$vBN$zpor$3488282 700 #1 $aCammarano,$bSalvatore,$f1801-1852$393988 702 #1 $aDonizetti,$bGaetano,$f1797-1848$4230$334941 702 #1 $aRosa,$bAugusto,$f1852-1918$4390$3158789 712 02 $aTipografia de Costa Sanches$c(Lisboa)$4610$31290550 712 01 $aPortugal.$bConservatório Nacional.$bEscola de Música$4390$31172174 801 #0 $aPT$bBN 966 ## $lBN$mMUSICA$sC.N. 292 P. $x6 966 ## $lBN$mMUSICA$sC.N. 293 P. $x6 966 ## $lBN$mMUSICA$sC.N. 294 P. $x6 997 ## $aBIBEOD
Etiqueta de registo: 00269nam 2200145 450 001 1664936 003 http://id.bnportugal.gov.pt/bib/catbnp/1664936 100 ## $a20070924d1877 m y0pory0103 ba 101 0# $apor 102 ## $aPT 200 1# $a A Favorita$bLibreto]$eOpera em 4 actos$fDonizzetti 210 #9 $aLisboa$cTypographia de Costa Sanches (Filhos)$d1877 215 ## $a8 p.$d20 cm 225 2# $aArgumentos de operas italianas 316 ## $aCarimbo do Conservatório Nacional com a inscrição "Legado Augusto Rosa"$5PTBN: C.N. 289 P. 317 ## $aProv.: Conservatório Nacional$5PTBN: C.N. 289, 290 e 291 P. 500 10 $a La favorita$lÓperas 606 ## $aÓperas$x[Argumentos]$31273101 606 ## $aLibretos$2CLIPMU$3162053 620 ## $dLisboa 675 ## $a78.089.1$vBN$zpor$3506605 675 ## $a82-293$vBN$zpor$3488282 700 #1 $aRoyer,$bAlphonse,$f1803-1875$3214567 701 #1 $aVaëz,$bGustave,$f1812-1862$4070$3315000 702 #1 $aRosa,$bAugusto,$f1852-1918$4390$3158789 702 #1 $aDonizetti,$bGaetano,$f1797-1848$4230$334941 712 02 $aTipografia de Costa Sanches$c(Lisboa)$4610$31290550 712 01 $aPortugal.$bConservatório Nacional.$bEscola de Música$4390$31172174 801 #0 $aPT$bBN 966 ## $lBN$mMUSICA$sC.N. 289 P. $x6 966 ## $lBN$mMUSICA$sC.N. 290 P. $x6 966 ## $lBN$mMUSICA$sC.N. 291 P. $x6 997 ## $aBIBEOD
Etiqueta de registo: 00269nam 2200145 450 001 1664614 003 http://id.bnportugal.gov.pt/bib/catbnp/1664614 100 ## $a20070924d1874 m y0pory0103 ba 101 0# $apor 102 ## $aPT 200 1# $a A Traviata$bLibreto]$eOpera em tres actos$fGiuseppi Verdi 210 #9 $aLisboa$c[Tipografia de Costa Sanches]$d1874 215 ## $a8 p.$d20 cm 225 2# $aArgumentos de operas italianas 316 ## $aCarimbo do Conservatório Nacional com a inscrição "Legado Augusto Rosa"$5PTBN: C.N. 287 P. 317 ## $aProv.: Conservatório Nacional$5PTBN: C.N. 287/8 P. 500 10 $a La traviata$lÓperas 606 ## $2SIPOR$31273101 606 ## $2SIPOR$3162053 620 ## $dLisboa 675 ## $a78.089.1$vBN$zpor$3506605 675 ## $a82-293$vBN$zpor$3488282 700 #1 $aPiave,$bFrancesco Maria,$f1810-1876$384005 702 #1 $aVerdi,$bGiuseppe,$f1813-1901$4230$352891 702 #1 $aRosa,$bAugusto,$f1852-1918$4390$3158789 712 02 $aTipografia de Costa Sanches$c(Lisboa)$4610$31290550 712 01 $aPortugal.$bConservatório Nacional.$bEscola de Música$4390$31172174 801 #0 $aPT$bBN 966 ## $lBN$mMUSICA$sC.N. 287 P. $x6 966 ## $lBN$mMUSICA$sC.N. 288 P. $x6 997 ## $aBIBEOD
Etiqueta de registo: 00269nam 2200145 450 001 1651618 003 http://id.bnportugal.gov.pt/bib/catbnp/1651618 100 ## $a20070727d1869 k y0pory0103 ba 101 0# $apor 102 ## $aPT 105 ## $ay z 000yy 106 ## $ar 200 1# $aGretchen$bLibreto]$ebaile romantico phantastico em 3 quadros$fcomposição do coreographo Sr. Luigi Danesi$gmusica do maestro Enrico Bernardi 210 #9 $aLisboa$cTypographia de Costa Sanches,$d1869 215 ## $a16 p.$d19 cm 317 ## $aProv.: Teatro de São Carlos$5PTBN: T.S.C. 706/7 P. 327 1# $aOs intérpretes associados à lista dos personagens 500 10 $aGretchen$lBailados 601 02 $2SIPOR$31264404 606 ## $2SIPOR$31266179 606 ## $2SIPOR$3162053 620 ## $dLisboa 675 ## $a78.089.1$vBN$zpor$3506605 700 #1 $aDanesi,$bLuigi,$ffl. 1869-1870$31199341 702 #1 $aBernardi,$bEnrico,$f1838-?$4230$31288438 712 02 $aTipografia de Costa Sanches$c(Lisboa)$4610$31290550 712 01 $aPortugal.$bTeatro Nacional de São Carlos$4390$315629 801 #0 $aPT$bBN$gRPC 966 ## $lBN$mMUSICA$sT.S.C. 706 P. $x6 966 ## $lBN$mMUSICA$sT.S.C. 707 P. $x6 997 ## $aBIBEOD
Etiqueta de registo: 00647cam 2200205 450 001 818150 003 http://id.bnportugal.gov.pt/bib/catbnp/818150 100 ## $a19930712d1869 m y0pory01030103ba 101 1# $aita$apor 102 ## $aPT 105 ## $ay z 000iy 106 ## $ar 200 1# $a A africana$eopera em 5 actos$fpoesia de Eugenio Scribe$gvertida em italiano por M. Marcello$ge musica de G. Meyerbeer 210 #9 $aLisboa$cTyp. de Costa Sanches,$d1869 215 ## $a95 p.$d19 cm 225 2# $aGaleria lyrica$ecollecção de librettos de operas italianas.$hSerie 3$v16 300 ## $aPersonagens: D. Pedro, D. Diogo, D. Inez, Guido de Arezzo, D. Alvaro, Nelusko, Selika,
O Grande Sacerdote de Brahma, Anna, O Presidente do Conselho, um porteiro, um sacerdote 304 ## $aAdvertencia da autoria de J. M. de Andrade Ferreira 305 ## $aEd. bilingue em italiano e português 317 ## $aTeatro Nacional de São Carlos$5PTBN: T.S.C. 1460 P. 317 ## $aConservatório Nacional$5PTBN: C.N. 497 P. 500 11 $a L' Africaine.$nLibreto 606 ## $aÓperas$j[Libretos]$2SIPOR$31158641 675 ## $a782$vBN$zpor$3291551 675 ## $a78.089.1$vBN$zpor$3506605 700 #1 $aScribe,$bEugène,$f1791-1861$399191 701 #1 $aMeyerbeer,$bGiacomo,$f1791-1864$4230$399196 702 #1 $aMarcello,$bMarco Marcelliano,$f1818-1865$4730$3113420 702 #1 $aFerreira,$bJosé Maria de Andrade,$f1823-1875$4080$3582972 712 02 $aTipografia de Costa Sanches$c(Lisboa)$4650$31290550 712 01 $aPortugal.$bTeatro Nacional de São Carlos$4390$315629 712 01 $aPortugal.$bConservatório Nacional.$bEscola de Música$4390$31172174 801 #0 $aPT$bBN$gRPC 966 ## $lBN$mFGMON$sL. 76433 P.$x2 966 ## $lBN$mMUSICA$pConservatório Nacional$sC.N. 497 P. $x7 966 ## $lBN$mMUSICA$sM. 114 P. $x2 966 ## $lBN$mMUSICA$sT.S.C. 1460 P. 976 ## $d20260420$rjamaral 997 ## $aBIBEOD
Etiqueta de registo: 00698cam 2200205 450 001 817969 003 http://id.bnportugal.gov.pt/bib/catbnp/817969 005 20000911191300.0 095 ## $aPTBN00469021 100 ## $a19930709d1863 k y0pory0103 ba 101 0# $aita$apor 102 ## $aPT 105 ## $ay z 000yy 106 ## $ar 200 1# $aFiorina ou A filha de Glaris$bLibreto]$emelodrama semi-serio em dois actos para se representar no Real Theatro de S. Carlos$f[A musica é do Maestro Carlos Pedrotti] 210 #9 $aLisboa$cna Typographia de Costa Sanches,$d1863 215 ## $a61 [3] p.$d15 cm 300 ## $aEdição bilingue: texto em italiano e tradução portuguesa frente a frente 316 ## $aExemplar não aparado$5PTBN: T.S.C. 654 P. 317 ## $aProv.: Conservatório Nacional$5PTBN: C.N. 20, 110 P. 317 ## $aProv.: Teatro de São Carlos$5PTBN: T.S.C. 651/2/3/4 P. 327 1# $aOs intérpretes associados à lista dos personagens 500 10 $aFiorina$lÓperas 517 1# $a La fanciulla di Glaris 601 02 $2SIPOR$31264404 606 ## $2SIPOR$3162053 620 ## $dLisboa 675 ## $a78.089.1$vBN$zpor$3506605 700 #1 $aHonorati,$bLuigi Serenelli,$ffl. 1851$3100804 702 #1 $aPedrotti,$bCarlo,$f1817-1893$4230$394032 712 02 $aTipografia de Costa Sanches$c(Lisboa)$4610$31290550 712 01 $aPortugal.$bConservatório Nacional.$bEscola de Música$4390$31172174 712 01 $aPortugal.$bTeatro Nacional de São Carlos$4390$315629 801 #0 $aPT$bBN$gRPC 966 ## $lBN$mMUSICA$sC.N. 20 P. $x6 966 ## $lBN$mMUSICA$sC.N. 110 P. $x6 966 ## $lBN$mMUSICA$sM. 111 P. $x2 966 ## $lBN$mMUSICA$sM. 961 P. $x0 966 ## $lBN$mMUSICA$sT.S.C. 651 P. $x6 966 ## $lBN$mMUSICA$sT.S.C. 652 P. $x6 966 ## $lBN$mMUSICA$sT.S.C. 653 P. $x6 966 ## $lBN$mMUSICA$sT.S.C. 654 P. $x6
Etiqueta de registo: 00704cam 2200217 450 001 817102 003 http://id.bnportugal.gov.pt/bib/catbnp/817102 100 ## $a19930706d1858 k y0pory01030103ba 101 1# $aita$apor 102 ## $aPT 105 ## $ay z 000yy 106 ## $ar 200 1# $aPelayo$bLibreto]$etragedia lyrica em 4 actos para se representar no Real Theatro de S. Calros [sic]$f[A Poesia é de Marco d'Arienzo$gA Musica é do Maestro Mercadante] 210 #9 $aLisboa$cTyp. de Costa Sanches,$d1858 215 ## $a69, [3] p.$d16 cm 300 ## $aEdição bilingue: texto em italiano e tradução portuguesa frente a frente; a versão
em português deve ser de José da Silva Mendes Leal 316 ## $aÚltimo fólio solto :$5PTBN: C.N. 150 P. 317 ## $aProv.: Conservatório Nacional$5PTBN: C.N. 48, 150/1/2/3 P. 317 ## $aProv.: Teatro de S. Carlos$5PTBN: T.S.C. 1084 a 1091 P. 327 1# $aOs intérpretes associados à lista dos personagens 500 10 $aPelagio$lÓperas 601 02 $aTeatro de São Carlos$j[Libretos]$2SIPOR$31264404 606 ## $aLibretos$2SIPOR$3162053 620 ## $dLisboa 675 ## $a78.089.1$vBN$zpor$3506605 675 ## $a82-293$vBN$zpor$3488282 700 #1 $aD'Arienzo,$bMarco,$f1811-1877$399162 702 #1 $aMercadante,$bSaverio,$f1795-1870$4230$399163 712 02 $aTipografia de Costa Sanches$c(Lisboa)$4610$31290550 712 01 $aPortugal.$bConservatório Nacional.$bEscola de Música$4390$31172174 712 01 $aPortugal.$bTeatro Nacional de São Carlos$4390$315629 801 #0 $aPT$bBN$gRPC 856 40 $2Cópia digital disponível na Internet Archive$uhttps://archive.org/details/pelayotragedialy00merc 966 ## $lBN$mFGMON$sL. 47087 P. 966 ## $lBN$mFGMON$sL. 60343 P.$x2 966 ## $lBN$mMUSICA$sC.N. 48 P. $x6 966 ## $lBN$mMUSICA$sC.N. 150 P. $x6 966 ## $lBN$mMUSICA$sC.N. 151 P. $x6 966 ## $lBN$mMUSICA$sC.N. 152 P. $x6 966 ## $lBN$mMUSICA$sC.N. 153 P. $x6 966 ## $lBN$mMUSICA$sM. 98 P. $x2 966 ## $lBN$mMUSICA$sM. 1201 P. 966 ## $lBN$mMUSICA$sT.S.C. 1084 P.$x6 966 ## $lBN$mMUSICA$sT.S.C. 1085 P.$x6 966 ## $lBN$mMUSICA$sT.S.C. 1086 P.$x6 966 ## $lBN$mMUSICA$sT.S.C. 1087 P.$x6 966 ## $lBN$mMUSICA$sT.S.C. 1088 P.$x6 966 ## $lBN$mMUSICA$sT.S.C. 1089 P.$x6 966 ## $lBN$mMUSICA$sT.S.C. 1090 P.$x6 966 ## $lBN$mMUSICA$sT.S.C. 1091 P.$x6
Etiqueta de registo: 02052cam 2200469 450 001 1100150 003 http://id.bnportugal.gov.pt/bib/catbnp/1100150 100 ## $a20030213d1868 k y0pory01030103ba 101 1# $apor$aita 102 ## $aPT 105 ## $ay z 000yy 106 ## $ar 200 1# $a O Arco de Sant'Anna$edrama lyrico em quatro actos$d L' Arco di Sant'Anna$edrama lirico in quattro atti$fpoesia de A. Correia e E. P. Almeida$gmuzica de F. S. Noronha$gtraduzione libera di N. N.$zita 210 #9 $aLisboa$cTyp. de Costa Sanches,$d1868 215 ## $a38, [2], 33 p.$d19 cm 225 2# $aGaleria lyrica$ecollecção de librettos de operas italianas.$hSerie 3$v14 300 ## $aPersonagens: D. Pedro I, Anninhas, Guiomar, Vasco, D. Affonso, Guterres, Pedro Cão,
Fr. João D'Arrifana, Garcia Vaz, Rui Vaz 304 ## $aEd. bilingue em português e italiano 317 ## $aTeatro Nacional de São Carlos$5PTBN: T.S.C. 1465 P.-T.S.C. 1469 P. 317 ## $aConservatório Nacional$5PTBN: C.N. 774 P.-C.N. 775 P. 500 11 $a O arco de Sant'Ana.$nLibreto 510 1# $a L' Arco di Sant'Anna$edrama lirico in quattro atti$zita 518 1# $a O arco de Santana 601 02 $aTeatro de São Carlos$j[Libretos]$2SIPOR$31264404 606 ## $aÓperas$j[Libretos]$2SIPOR$31158641 675 ## $a78.089.1$vBN$zpor$3506605 675 ## $a82-293$vBN$zpor$3488282 700 #1 $aCorreia,$bAntónio,$f1834-1892$3226129 701 #1 $aAlmeida,$bErnesto Pinto de,$f1842-1873$4070$31466 701 #1 $aNoronha,$bFrancisco de Sá,$f1820-1881$4230$376137 712 02 $aTipografia de Costa Sanches$c(Lisboa)$4610$31290550 712 01 $aPortugal.$bTeatro Nacional de São Carlos$4390$315629 712 01 $aPortugal.$bConservatório Nacional.$bEscola de Música$4390$31172174 801 #0 $aPT$bBN$gRPC 856 40 $uhttps://purl.pt/90 856 41 $uhttps://purl.pt/90/service/media/cover/low 856 49 $uhttps://purl.pt/90/service/media/pdf$qapplication/pdf 958 ## $aBND$bLivre$cDigitalizado$d1$ehttps://purl.pt/90/service/media/cover/max 966 ## $lBN$mFGMON$sL. 2163//3 A. $x7 966 ## $lBN$mMUSICA$pConservatório Nacional$sC.N. 774 P. $x7 966 ## $lBN$mMUSICA$pConservatório Nacional$sC.N. 775 P. $x7 966 ## $lBN$mMUSICA$sM. 1107 P.$x7 966 ## $lBN$mMUSICA$nDigitalizado em: PURL 90$sT.S.C. 1465 P. 966 ## $lBN$mMUSICA$sT.S.C. 1466 P.$x6 966 ## $lBN$mMUSICA$sT.S.C. 1467 P.$x6 966 ## $lBN$mMUSICA$sT.S.C. 1468 P.$x6 966 ## $lBN$mMUSICA$sT.S.C. 1469 P.$x6 976 ## $d20260422$rjamaral
Etiqueta de registo: 00483cam 2200169 450 001 548521 003 http://id.bnportugal.gov.pt/bib/catbnp/548521 005 19990103000000.0 095 ## $aPTBN00753117 100 ## $a19950718d1875 m y0pory0103 ba 101 0# $apor 102 ## $aPT 200 1# $aRoberto do diabo$bLibreto]$eopera em 5 actos$fC. Meyerbeer 210 #9 $aLisboa$c[Typographia de Costa Sanches],$eLisboa :$gTyp. Progressista de P. A. Borges),$d1875 215 ## $a13 p.$d20 cm 225 2# $aArgumentos de óperas italianas 316 ## $aCarimbo do Conservatório Nacional com a inscrição "Legado Augusto Rosa"$5PTBN: C.N. 305 P. 317 ## $aProv.: Conservatório Nacional$5PTBN: C.N. 305 P. 500 10 $aRobert le diable$lÓperas 606 ## $aÓperas$x[Argumentos]$31273101 606 ## $aLibretos$2CLIPMU$3162053 620 ## $dLisboa 675 ## $a82-293$vBN$zpor$3488282 675 ## $a78.089.1$vBN$zpor$3506605 700 #1 $aScribe,$bEugène,$f1791-1861$399191 702 #1 $aMeyerbeer,$bGiacomo,$f1791-1864$4230$399196 702 #1 $aRosa,$bAugusto,$f1852-1918$4390$3158789 712 02 $aTipografia de P. A. Borges$c(Lisboa)$4610$31284986 712 02 $aTipografia de Costa Sanches$c(Lisboa)$4650$31290550 712 01 $aPortugal.$bConservatório Nacional.$bEscola de Música$4390$31172174 801 #0 $aPT$bBN$gRPC 966 ## $lBN$mFGMON$sL. 38362//7 P. 966 ## $lBN$mMUSICA$sC.N. 305 P. $x6 997 ## $aBIBEOD
Etiqueta de registo: 00269nam 2200145 450 001 1704813 003 http://id.bnportugal.gov.pt/bib/catbnp/1704813 100 ## $a20090309d1879 m y0pory01030103ba 101 1# $aita $apor 102 ## $aPT 105 ## $ay z 000iy 106 ## $ar 200 1# $a A africana$eopera em 5 actos$fpoesia de Eugenio Scribe$gvertida em italiano por M. Marcello$ge musica de G. Meyerbeer 210 #9 $aLisboa$cTyp. de Costa Sanches,$d1879 215 ## $a88 p.$d19 cm 300 ## $aPersonagens: D. Pedro, D. Diogo, D. Inez, Guido de Arezzo, D. Alvaro, Nelusko, Selika,
O Grande Sacerdote de Brahma, Anna, O Presidente do Conselho, um porteiro, um sacerdote 305 ## $aEd. bilingue em italiano e português 317 ## $aTeatro Nacional de São Carlos$5PTBN: T.S.C. 1464 P. 500 11 $a L' Africaine.$nLibreto 606 ## $aÓperas$j[Libretos]$2SIPOR$31158641 675 ## $a782$vBN$zpor$3291551 675 ## $a78.089.1$vBN$zpor$3506605 700 #1 $aScribe,$bEugène,$f1791-1861$399191 701 #1 $aMeyerbeer,$bGiacomo,$f1791-1864$4230$399196 702 #1 $aMarcello,$bMarco Marcelliano,$f1818-1865$4730$3113420 712 02 $aTipografia de Costa Sanches$c(Lisboa)$4650$31290550 712 01 $aPortugal.$bTeatro Nacional de São Carlos$4390$315629 801 #0 $aPT$bBN$gRPC 966 ## $lBN$mMUSICA$sT.S.C. 1464 P.$x6 976 ## $d20260420$rjamaral 997 ## $aBIBEOD
Etiqueta de registo: 00599cam 2200205 450 001 367662 003 http://id.bnportugal.gov.pt/bib/catbnp/367662 005 19981230000000.0 095 ## $aPTBN00392324 100 ## $a19920916d1865 k y0pory0103 ba 101 0# $apor 102 ## $aPT 105 ## $ay z 000yy 106 ## $ar 200 1# $aNina louca por amor$bLibreto]$eargumento da opera em 3 actos$fmusica do maestro Pedro Antonio Coppola 210 #9 $aLisboa$cTypografia de Costa Sanches,$d1865 215 ## $a8 p.$d19 cm 225 2# $aGaleria Lyrica 327 1# $aOs intérpretes associados à lista de personagens 500 10 $a La pazza per amore$lÓperas 517 1# $aNina 606 ## $aÓperas$x[Argumentos]$2SIPOR$31273101 606 ## $aLibretos$2SIPOR$3162053 620 ## $dLisboa 675 ## $a78.089.1$vBN$zpor$3506605 675 ## $a82-293$vBN$zpor$3488282 700 #1 $aFerretti,$bJacopo,$f1784-1852$3100292 702 #1 $aCoppola,$bPietro Antonio,$f1793-1877$386006 712 02 $aTipografia de Costa Sanches$c(Lisboa)$4610$31290550 801 #0 $aPT$bBN$gRPC 930 ## $lBN$dF. 2281$iMicrofilme 966 ## $lBN$mFGMON$sL. 2166//37 A. $x0 966 ## $lBN$mMICROF$nMicrofilme$sFg. 2281 966 ## $lBN$mMUSICA$sM. 1575 P.$x0 997 ## $aBIBEOD
Etiqueta de registo: 00759cam 2200253 450 001 367579 003 http://id.bnportugal.gov.pt/bib/catbnp/367579 100 ## $a19920915d1864 m y0pory01030103ba 101 1# $aita$apor 102 ## $aPT 105 ## $ay z 000iy 106 ## $ar 200 0# $aOtello ou o mouro de Veneza$emelodrama serio em 3 actos$fmusica do maestro Joaquim Rossini 210 #9 $aLisboa$cTyp. de Costa Sanches,$d1864 215 ## $a55 p.$d20 cm 225 2# $aGaleria lyrica$ecollecção de librettos de operas italianas.$hSerie 1$v5 300 ## $aPersonagens: Otello, Desdemona, Elmiro, Rodrigo, Jago, Emilia, Doge 304 ## $aEd. bilingue em italiano e português 316 ## $aCadernos soltos$5PTBN: M. 1577 P. 317 ## $aConservatório Nacional$5PTBN: C.N. 802 P. 500 10 $aOtello.$nLibreto 517 1# $a Il moro di Venezia 517 1# $a O mouro de Veneza 601 02 $aTeatro de São Carlos$j[Libretos]$2SIPOR$31264404 606 ## $aÓperas$j[Libretos]$2SIPOR$31158641 675 ## $a78.089.1$vBN$zpor$3506605 675 ## $a82-293$vBN$zpor$3488282 700 #1 $aBerio di Salsa,$bFrancesco Maria,$f1765-1820$3281221 701 #1 $aRossini,$bGioachino,$f1792-1868$4230$393958 702 #1 $aShakespeare,$bWilliam,$f1564-1616$4100$320282 712 02 $aTipografia de Costa Sanches$c(Lisboa)$4610$31290550 712 01 $aPortugal.$bConservatório Nacional.$bEscola de Música$4390$31172174 801 #0 $aPT$bBN$gRPC 930 ## $lBN$dF. 2281$iMicrofilme 966 ## $lBN$mFGMON$sL. 2164//5 A. $x0 966 ## $lBN$mMICROF$nMicrofilme$sF. 2281 966 ## $lBN$mMUSICA$pConservatório Nacional$sC.N. 802 P. $x7 966 ## $lBN$mMUSICA$sM. 1577 P. 976 ## $d20260429$rjamaral 997 ## $aBIBEOD
Etiqueta de registo: 00542cam 2200193 450 001 553203 003 http://id.bnportugal.gov.pt/bib/catbnp/553203 100 ## $a19950802d1867 m y0pory01030103ba 101 1# $apor$aita 102 ## $aPT 105 ## $ay z 000iy 106 ## $ar 200 1# $a O juramento$emelodrama em 3 actos$fmusica do maestro Mercadante 210 #9 $aLisboa$cTyp. de Costa Sanches,$d1867 215 ## $a69 p.$d20 cm 300 ## $aPersonagens: Manfredo, Branca, Viscardo de Benevento, Elaisa, Brunoro, Isaura 304 ## $aEd. bilingue em italiano e português 316 ## $aCadernos soltos$5PTBN: M. 1580 P. 317 ## $aConservatório Nacional$5PTBN: C.N. 794 P. 500 10 $a Il giuramento.$nLibreto 606 ## $aÓperas$j[Libretos]$2SIPOR$31158641 675 ## $a78.089.1$vBN$zpor$3506605 675 ## $a82-293$vBN$zpor$3488282 700 #1 $aRossi,$bGaetano,$f1774-1855$398984 701 #1 $aMercadante,$bSaverio,$f1795-1870$4230$399163 712 02 $aTipografia de Costa Sanches$c(Lisboa)$4610$31290550 712 01 $aPortugal.$bConservatório Nacional.$bEscola de Música$4390$31172174 801 #0 $aPT$bBN$gRPC 966 ## $lBN$mFGMON$sL. 2163//17 A. $x0 966 ## $lBN$mFGMON$sL. 46634 P. 966 ## $lBN$mMUSICA$pConservatório Nacional$sC.N. 794 P. $x7 966 ## $lBN$mMUSICA$sM. 1580 P. 976 ## $d20260424$rjamaral 997 ## $aBIBEOD
Etiqueta de registo: 00730cam 2200217 450 001 816446 003 http://id.bnportugal.gov.pt/bib/catbnp/816446 100 ## $a19930625d1857 m y0pory01030103ba 101 1# $aita$apor 102 ## $aPT 105 ## $ay z 000iy 106 ## $ar 200 1# $a As vesperas sicilianas$eopera em 5 actos 210 #9 $aLisboa$cTyp. de E. J. da C. Sanches,$d1857 215 ## $a113 p.$d15 cm 300 ## $aNo rosto: "Para se representar no Real Theatro de S. Carlos" 300 ## $aPersonagens: Guy de Monfort, senhor de Bethune, Conde de Vaudemont, Henrique, João
Procida, Duqueza Helena, Ninetta, Danieli, Thibault, Robert, Manfredo 305 ## $aEdição bilingue em italiano e português 307 ## $aAss.: 1//4, 2-8//8 316 ## $aTruncado, falta a última página$5PTBN: C.N. 141 P. 316 ## $aTruncado, falta as primeiras 8 páginas ; Ms. na capa Roberto do Diabo$5PTBN: C.N. 813 P. 317 ## $aConservatório Nacional$5PTBN: C.N. 26, 52, 62, 78, 99, 141, 813 P. 317 ## $aTeatro de São Carlos$5PTBN: T.S.C. 1373 P.-T.S.C. 1378 P. 500 10 $a Les vêpres siciliennes.$nLibreto 601 02 $aTeatro de São Carlos$j[Libretos]$2SIPOR$31264404 606 ## $aÓperas$j[Libretos]$2SIPOR$31158641 675 ## $a78.089.1$vBN$zpor$3506605 675 ## $a82-293$vBN$zpor$3488282 700 #1 $aScribe,$bEugène,$f1791-1861$399191 701 #1 $aDuveyrier,$bCharles,$f1803-1866$4070$31259563 701 #1 $aVerdi,$bGiuseppe,$f1813-1901$4230$352891 702 #1 $aMonplaisir,$bHyppolite,$f1821-1877$4200$31307586 712 02 $aTipografia de Costa Sanches$c(Lisboa)$4610$31290550 712 01 $aPortugal.$bConservatório Nacional.$bEscola de Música$4390$31172174 712 01 $aPortugal.$bTeatro Nacional de São Carlos$4390$315629 801 #0 $aPT$bBN$gRPC 966 ## $lBN$mMUSICA$sC.N. 26 P. $x6 966 ## $lBN$mMUSICA$sC.N. 52 P. $x6 966 ## $lBN$mMUSICA$sC.N. 62 P. $x6 966 ## $lBN$mMUSICA$sC.N. 78 P. $x6 966 ## $lBN$mMUSICA$sC.N. 99 P. $x6 966 ## $lBN$mMUSICA$sC.N. 141 P. $x6 966 ## $lBN$mMUSICA$pConservatório Nacional$sC.N. 813 P. $x7 966 ## $lBN$mMUSICA$sM. 78 P. $x2 966 ## $lBN$mMUSICA$sT.S.C. 1373 P.$x6 966 ## $lBN$mMUSICA$sT.S.C. 1374 P.$x6 966 ## $lBN$mMUSICA$sT.S.C. 1375 P.$x6 966 ## $lBN$mMUSICA$sT.S.C. 1376 P.$x6 966 ## $lBN$mMUSICA$sT.S.C. 1377 P.$x6 966 ## $lBN$mMUSICA$sT.S.C. 1378 P.$x6 976 ## $d20260506$rjamaral 997 ## $aBIBEOD
Etiqueta de registo: 00269nam 2200145 450 001 1667318 003 http://id.bnportugal.gov.pt/bib/catbnp/1667318 100 ## $a20071002d1867 m y0pory0103 ba 101 0# $apor 102 ## $aPT 200 1# $a A somnambula$bLibreto]$eArgumento da opera$eem 3 actos$fMusica do Maestro Bellini 210 #9 $aLisboa$cTyp. Costa Sanches$d1867 215 ## $a8 p.$d20 cm 316 ## $aFólios soltos. Carimbo do Conservatório Nacional com a inscrição "Legado Augusto Rosa"$5PTBN: C.N. 317 P. 317 ## $aProv.: Conservatório Nacional$5PTBN: C.N. 317 P. 500 10 $a La sonnambula$lÓperas 518 1# $a A sonâmbula 606 ## $aÓperas$x[Argumentos]$31273101 606 ## $aLibretos$2CLIPMU$3162053 620 ## $dLisboa 675 ## $a78.089.1$vBN$zpor$3506605 675 ## $a82-293$vBN$zpor$3488282 700 #1 $aRomani,$bFelice,$f1788-1865$364211 702 #1 $aBellini,$bVincenzo,$f1801-1835$4230$342355 702 #1 $aRosa,$bAugusto,$f1852-1918$4390$3158789 712 02 $aTipografia de Costa Sanches$c(Lisboa)$4650$31290550 712 01 $aPortugal.$bConservatório Nacional.$bEscola de Música$4390$31172174 801 #0 $aPT$bBN$gRPC 966 ## $lBN$mMUSICA$sC.N. 317 P. $x6 997 ## $aBIBEOD
Etiqueta de registo: 00269nam 2200145 450 001 1667320 003 http://id.bnportugal.gov.pt/bib/catbnp/1667320 100 ## $a20071002d1868 m y0pory0103 ba 101 0# $apor 102 ## $aPT 200 1# $aMacbeth$bLibreto]$eArgumento da opera$eem 4 actos$fMusica do Maestro Verdi 210 #9 $aLisboa$cTypographia de Costa Sanches,$d1868 215 ## $a8 p.$d20 cm 316 ## $aCarimbo do Conservatório Nacional com a inscrição "Legado Augusto Rosa"$5PTBN: C.N. 318 P. 317 ## $aProv.: Conservatório Nacional$5PTBN: C.N. 318 P. 500 10 $aMacbeth$lÓperas 606 ## $2SIPOR$31273101 606 ## $2SIPOR$3162053 620 ## $dLisboa 675 ## $a78.089.1$vBN$zpor$3506605 675 ## $a82-293$vBN$zpor$3488282 700 #1 $aPiave,$bFrancesco Maria,$f1810-1876$384005 702 #1 $aShakespeare,$bWilliam,$f1564-1616$4100$320282 702 #1 $aVerdi,$bGiuseppe,$f1813-1901$4230$352891 702 #1 $aRosa,$bAugusto,$f1852-1918$4390$3158789 712 02 $aTipografia de Costa Sanches$c(Lisboa)$4650$31290550 712 01 $aPortugal.$bConservatório Nacional.$bEscola de Música$4390$31172174 801 #0 $aPT$bBN$gRPC 966 ## $lBN$mMUSICA$sC.N. 318 P. $x6 997 ## $aBIBEOD
Etiqueta de registo: 01795cam 02200457 04500 001 344187 003 http://id.bnportugal.gov.pt/bib/catbnp/344187 100 ## $a19920622d1868 m y0pory01030103ba 101 1# $aita$apor 102 ## $aPT 105 ## $ay z 000iy 106 ## $ar 200 1# $aD. João$edrama em 4 actos$fmusica do maestro Mozart 210 #9 $aLisboa$cTyp. de Costa Sanches,$d1868 215 ## $a100 p.$d19 cm 225 2# $aGaleria lyrica$ecollecção de librettos de operas italianas$hSérie 3$v13 300 ## $aPersonagens: D. João, D. Anna, D. Octavio, Comendador, D. Elvira, Leporello, Zerlina,
Masetto 304 ## $aEd. bilingue em italiano e português 316 ## $aMau estado. Cadernos soltos. Papel quebradiço.$5PTBN: M. 1576 P. 317 ## $aColecção Ivo Cruz$5PTBN: C.I.C. 39 V. 317 ## $aConservatório Nacional$5PTBN: C.N. 790 P.-C.N. 791 P. 500 10 $aDon Giovanni.$nLibreto 532 12 $aDom João 606 ## $aÓperas$j[Libretos]$2SIPOR$31158641 675 ## $a78.089.1$vBN$zpor$3506605 675 ## $a82-293$vBN$zpor$3488282 700 #1 $aDa Ponte,$bLorenzo,$f1749-1838$334997 701 #1 $aMozart,$bWolfgang Amadeus,$f1756-1791$4230$368108 702 #1 $aCruz,$bIvo,$f1901-1985$4390$349329 712 02 $aTipografia de Costa Sanches$c(Lisboa)$4610$31290550 712 01 $aPortugal.$bConservatório Nacional.$bEscola de Música$4390$31172174 801 #0 $aPT$bBN$gRPC 856 40 $uhttps://purl.pt/14768 856 41 $uhttps://purl.pt/14768/service/media/cover/low 856 49 $uhttps://purl.pt/14768/service/media/pdf$qapplication/pdf 958 ## $aBND$bLivre$cDigitalizado$d1$ehttps://purl.pt/14768/service/media/cover/max 966 ## $lBN$mMUSICA$pColecção Ivo Cruz$sC.I.C. 39 V. $x2 966 ## $lBN$mMUSICA$pConservatório Nacional$sC.N. 790 P. $x7 966 ## $lBN$mMUSICA$pConservatório Nacional$sC.N. 791 P. $x7 966 ## $lBN$mMUSICA$sM. 1576 P. 976 ## $d20260424$rjamaral
Etiqueta de registo: 00645cam 2200193 450 001 816011 003 http://id.bnportugal.gov.pt/bib/catbnp/816011 005 19990125000000.0 095 ## $aPTBN00466915 100 ## $a19930618d1860 k y0pory01030103ba 101 1# $aita$apor 102 ## $aPT 105 ## $ay z 000yy 106 ## $ar 200 1# $aPoliuto$bLibreto]$etragedia lyrica em 3 actos para se representar no Real Theatro de S. Carlos$f[Poesia de Salvatore Camaranno$gMusica do maestro G. Donizzetti] 210 #9 $aLisboa$cTypographia de Costa Sanches,$d1860 215 ## $a55 [1] p.$d16 cm 300 ## $aEdição bilingue: texto italiano e tradução portuguesa frente a frente 316 ## $aExemplar não aparado :$5PTBN: T.S.C. 1110 P. 317 ## $aConservatório Nacional$5PTBN: C.N. 79, 89 P. 317 ## $aTeatro de São Carlos$5PTBN: T.S.C. 1107/08/09/10, 1405 P. 327 1# $aOs intérpretes associados à lista dos personagens 500 10 $aPoliuto$lÓperas 601 02 $aTeatro de São Carlos$j[Libretos]$2SIPOR$31264404 606 ## $aLibretos$2SIPOR$3162053 620 ## $dLisboa 675 ## $a78.089.1$vBN$zpor$3506605 675 ## $a82-293$vBN$zpor$3488282 700 #1 $aCammarano,$bSalvatore,$f1801-1852$393988 702 #1 $aDonizetti,$bGaetano,$f1797-1848$4230$334941 712 02 $aTipografia de Costa Sanches$c(Lisboa)$4610$31290550 712 01 $aPortugal.$bConservatório Nacional.$bEscola de Música$4390$31172174 712 01 $aPortugal.$bTeatro Nacional de São Carlos$4390$315629 801 #0 $aPT$bBN$gRPC 856 40 $2Cópia digital disponível na Internet Archive$uhttps://archive.org/details/poliutotragedial00doni 966 ## $lBN$mMUSICA$sC.N. 79 P. $x6 966 ## $lBN$mMUSICA$sC.N. 89 P. $x6 966 ## $lBN$mMUSICA$sM. 58 P. $x2 966 ## $lBN$mMUSICA$sM. 1207 P. 966 ## $lBN$mMUSICA$sT.S.C. 1107 P.$x6 966 ## $lBN$mMUSICA$sT.S.C. 1108 P.$x6 966 ## $lBN$mMUSICA$sT.S.C. 1109 P.$x6 966 ## $lBN$mMUSICA$sT.S.C. 1110 P.$x6 966 ## $lBN$mMUSICA$sT.S.C. 1405 P.$x6
Etiqueta de registo: 00584cam 2200205 450 001 1016755 003 http://id.bnportugal.gov.pt/bib/catbnp/1016755 005 20000317110300.0 100 ## $a20000317d1880 m y0pory0103 ba 101 0# $apor 102 ## $aPT 105 ## $ay z 000yy 106 ## $ar 200 1# $aLinda de Chamounix$bLibreto]$eopera em 3 actos$fC. Donizzetti 210 #9 $aLisboa$cTypographia de Costa Sanches F.os,$d1880 215 ## $a8 p.$d19 cm 225 2# $aArgumentos de operas italianas 317 ## $aProv.: Conservatório Nacional$5PTBN: C.N. 295 P. 500 10 $aLinda di Chamounix$lÓperas 606 ## $aÓperas$x[Argumentos]$31273101 606 ## $aLibretos$2CLIPMU$3162053 620 ## $dLisboa 675 ## $a78.089.1$vBN$zpor$3506605 675 ## $a82-293$vBN$zpor$3488282 700 #1 $aRossi,$bGaetano,$f1774-1855$398984 702 #1 $aEnnery,$bAdolphe d',$f1811-1899$4100$339465 702 #1 $aLemoîne,$bGustave,$f1802-1885$4100$3649654 702 #1 $aDonizetti,$bGaetano,$f1797-1848$4230$334941 712 02 $aTipografia de Costa Sanches$c(Lisboa)$4610$31290550 712 01 $aPortugal.$bConservatório Nacional.$bEscola de Música$4390$31172174 801 #0 $aPT$bBN 966 ## $lBN$mFGMON$sL. 2166//28 A. $x0 966 ## $lBN$mFGMON$sL. 11405//7 P. $x0 966 ## $lBN$mMUSICA$sC.N. 295 P. $x6 997 ## $aBIBEOD
Etiqueta de registo: 00269nam 2200145 450 001 1561500 003 http://id.bnportugal.gov.pt/bib/catbnp/1561500 100 ## $a20070123d1861 k y0pory01030103ba 101 0# $aita$apor 102 ## $aPT 105 ## $ay z 000yy 106 ## $ar 200 1# $aSimão Boccanegra$bLibreto]$eopera em um prologo e 3 actos para se representar no Real Theatro de S. Carlos$f[Poesia de F. M. Piava [sic]$gMusica do Maestro Verdi] 210 #9 $aLisboa$cTypografia de Costa Sanches,$d1861 215 ## $a79, [1] p.$d16 cm 300 ## $aEdição bilingue: texto italiano e tradução portuguesa frente a frente 316 ## $aFalta a folha de rosto$5PTBN: C.N. 33 P. 316 ## $aTruncado, faltam as primeiras 6 páginas$5PTBN: C.N. 241 P. 317 ## $aProv.: Conservatório Nacional$5PTBN: C.N. 16, 33, 132/3, 241 P. 317 ## $aProv.: Teatro de São Carlos$5PTBN: T.S.C. 1265 a 1270 P. 327 1# $aOs intérpretes associados à lista dos personagens 500 10 $aSimon Boccanegra$lÓperas 601 02 $aTeatro de São Carlos$j[Libretos]$2SIPOR$31264404 606 ## $aLibretos$2SIPOR$3162053 620 ## $dLisboa 675 ## $a78.089.1$vBN$zpor$3506605 675 ## $a82-293$vBN$zpor$3488282 700 #1 $aPiave,$bFrancesco Maria,$f1810-1876$384005 702 #1 $aGarcía Gutiérrez,$bAntonio,$f1813-1884$4100$3171010 702 #1 $aVerdi,$bGiuseppe,$f1813-1901$4230$352891 712 02 $aTipografia de Costa Sanches$c(Lisboa)$4610$31290550 712 01 $aPortugal.$bConservatório Nacional.$bEscola de Música$4390$31172174 712 01 $aPortugal.$bTeatro Nacional de São Carlos$4390$315629 801 #0 $aPT$bBN$gRPC 966 ## $lBN$mMUSICA$sC.N. 16 P. $x6 966 ## $lBN$mMUSICA$sC.N. 33 P. $x6 966 ## $lBN$mMUSICA$sC.N. 132 P. $x6 966 ## $lBN$mMUSICA$sC.N. 133 P. $x6 966 ## $lBN$mMUSICA$sC.N. 241 P. $x6 966 ## $lBN$mMUSICA$sM. 1224 P. 966 ## $lBN$mMUSICA$sT.S.C. 1265 P.$x6 966 ## $lBN$mMUSICA$sT.S.C. 1266 P.$x6 966 ## $lBN$mMUSICA$sT.S.C. 1267 P.$x6 966 ## $lBN$mMUSICA$sT.S.C. 1268 P.$x6 966 ## $lBN$mMUSICA$sT.S.C. 1269 P.$x6 966 ## $lBN$mMUSICA$sT.S.C. 1270 P.$x6 997 ## $aBIBEOD
Etiqueta de registo: 00269nam 2200145 450 001 1562223 003 http://id.bnportugal.gov.pt/bib/catbnp/1562223 100 ## $a20070205d1860 m a0pory01030103ba 101 1# $aita$apor 102 ## $aPT 105 ## $ay z 000zy 106 ## $ar 200 1# $aMartha$bLibreto]$eopera semi-seria em 4 actos para se representar no Real Theatro de S. Carlos$f[Musica do Maestro F. de Flotow] 210 #9 $aLisboa$cTypographia de Costa Sanches,$d1860 215 ## $a95, [1] p.$d15 cm 300 ## $aEdição bilingue: texto italiano e trad. portuguesa frente a frente 316 ## $aÚltimo fólio rasgado sem prejuízo do texto :$5PTBN: C.N. 39 P. 316 ## $aPrimeiro fólio rasgado com algum prejuízo do texto :$5PTBN: C.N. 38 P. 316 ## $aMs. no rosto "J. M. Marques" :$5PTBN: C.N. 37 P. 316 ## $aFalta a folha de rosto :$5PTBN: T.S.C. 924 P. 317 ## $aProv.: Conservatório Nacional$5PTBN: C.N. 37/8/9, 201 P. 317 ## $aProv.: Teatro de São Carlos$5PTBN: T.S.C. 922/3/4/5/6/7 P. 327 1# $aOs intérpretes associados à lista dos personagens 500 10 $aMartha$lÓperas 517 1# $a Der Markt zu Richmond 601 02 $aTeatro de São Carlos$j[Libretos]$2SIPOR$31264404 606 ## $aLibretos$2SIPOR$3162053 620 ## $dLisboa 675 ## $a78.089.1$vBN$zpor$3506605 675 ## $a82-293$vBN$zpor$3488282 700 #1 $aFriedrich,$bWilhelm,$fca 1805-1879$3214760 702 #1 $aFlotow,$bFriedrich,$f1812-1883$4230$3145349 712 02 $aTipografia de Costa Sanches$c(Lisboa)$4610$31290550 712 01 $aPortugal.$bConservatório Nacional.$bEscola de Música$4390$31172174 712 01 $aPortugal.$bTeatro Nacional de São Carlos$4390$315629 801 #0 $aPT$bBN$gRPC 966 ## $lBN$mFGMON$sL. 53246 P. 966 ## $lBN$mMUSICA$sC.N. 37 P. $x6 966 ## $lBN$mMUSICA$sC.N. 38 P. $x6 966 ## $lBN$mMUSICA$sC.N. 39 P. $x6 966 ## $lBN$mMUSICA$sC.N. 201 P. $x6 966 ## $lBN$mMUSICA$sT.S.C. 922 P. $x6 966 ## $lBN$mMUSICA$sT.S.C. 923 P. $x6 966 ## $lBN$mMUSICA$sT.S.C. 924 P. $x6 966 ## $lBN$mMUSICA$sT.S.C. 925 P. $x6 966 ## $lBN$mMUSICA$sT.S.C. 926 P. $x6 966 ## $lBN$mMUSICA$sT.S.C. 927 P. $x6
Etiqueta de registo: 00428nam 2200157 450 001 1257156 003 http://id.bnportugal.gov.pt/bib/catbnp/1257156 100 ## $a20020606d1876 m y0pory0103 ba 101 0# $apor 102 ## $aPT 200 1# $aDinorah ou o perdão de Ploermel$bLibreto]$eOpera em 3 actos$fC. Meyerbeer 210 #9 $aLisboa$c[Typographia Costa Sanches],$g(Typ. Universal de Thomas Quintino Antunes).$d1876 215 ## $a8 p.$d20 cm 316 ## $aCarimbo do Conservatório Nacional com a inscrição "Legado Augusto Rosa"$5PTBN: C.N. 308 P. 317 ## $aProv.: Conservatório Nacional$5PTBN: C.N. 308 P. 500 10 $aDinorah$lÓperas 517 1# $a Die Wallfahrt nach Ploërmel 517 1# $a Le pardon de Ploërmel 540 1# $a Le chercheur du trésor 606 ## $aÓperas$x[Argumentos]$31273101 606 ## $aLibretos$2CLIPMU$3162053 620 ## $dLisboa 675 ## $a78.089.1$vBN$zpor$3506605 675 ## $a82-293$vBN$zpor$3488282 700 #1 $aBarbier,$bJules,$f1825-1901$393975 701 #1 $aCarré,$bMichel,$f1822-1872$4070$31205536 702 #1 $aMeyerbeer,$bGiacomo,$f1791-1864$4230$399196 702 #1 $aRosa,$bAugusto,$f1852-1918$4390$3158789 712 02 $aTipografia de Costa Sanches$c(Lisboa)$4650$31290550 712 02 $aTipografia Universal$4610$3990029 712 01 $aPortugal.$bConservatório Nacional.$bEscola de Música$4390$31172174 801 #0 $aPT$bBN 801 #1 $aFR$bJOUVE 966 ## $lBN$mFGMON$sL. 2167 A.$x0 966 ## $lBN$mMUSICA$sC.N. 308 P. $x6 997 ## $aBIBEOD
Etiqueta de registo: 00471cam 2200181 450 001 1257148 003 http://id.bnportugal.gov.pt/bib/catbnp/1257148 100 ## $a20020606d1875 m y0pory0103 ba 101 0# $apor 102 ## $aPT 200 1# $aFra Diavolo$bLibreto]$eopera comica em 3 actos$fAuber 210 #9 $aLisboa$cTypographia da Viuva Costa Sanches,$d1875 215 ## $a8 p.$d20 cm 225 2# $aArgumentos de óperas italianas 316 ## $aCarimbo do Conservatório Nacional com a inscrição "Legado Augusto Rosa"$5PTBN: C.N. 302 P. 317 ## $aProv.: Conservatório Nacional$5PTBN: C.N. 301/2 P. 500 10 $aFra Diavolo$lÓperas 517 1# $a L' hôtellerie de Terracine 606 ## $aÓperas$x[Argumentos]$31273101 606 ## $aLibretos$2CLIPMU$3162053 620 ## $dLisboa 675 ## $a82-293$vBN$zpor$3488282 675 ## $a78.089.1$vBN$zpor$3506605 700 #1 $aScribe,$bEugène,$f1791-1861$399191 702 #1 $aAuber,$bDaniel François Esprit,$f1782-1871$4230$399098 702 #1 $aRosa,$bAugusto,$f1852-1918$4390$3158789 712 02 $aTipografia de Costa Sanches$c(Lisboa)$4610$31290550 712 01 $aPortugal.$bConservatório Nacional.$bEscola de Música$4390$31172174 801 #0 $aPT$bBN 801 #1 $aFR$bJOUVE 966 ## $lBN$mFGMON$sL. 2166 A.$x0 966 ## $lBN$mFGMON$sL. 2167 A.$x0 966 ## $lBN$mMUSICA$sC.N. 301 P. $x6 966 ## $lBN$mMUSICA$sC.N. 302 P. $x6 997 ## $aBIBEOD
Etiqueta de registo: 00425cam 2200157 450 001 1257145 003 http://id.bnportugal.gov.pt/bib/catbnp/1257145 100 ## $a20020606d1867 m y0pory0103 ba 101 0# $apor 102 ## $aPT 200 1# $aMartha$bLibreto]$eargumento da opera$eem 4 actos$fmusica do Maestro Flotow 210 #9 $aLisboa$cTyp. Costa Sanches,$d1867 215 ## $a8 p.$d20 cm 316 ## $aCarimbo do Conservatório Nacional com a inscrição "Legado Augusto Rosa"$5PTBN: C.N. 315 P. 317 ## $aProv.: Conservatório Nacional$5PTBN: C.N. 315 P. 327 1# $aOs intérpretes associados à lista dos personagens 500 10 $aMartha$lÓperas 517 1# $a Der markt zu Richmond 606 ## $aÓperas$x[Argumentos]$31273101 606 ## $aLibretos$2CLIPMU$3162053 620 ## $dLisboa 675 ## $a78.089.1$vBN$zpor$3506605 675 ## $a82-293$vBN$zpor$3488282 700 #1 $aFriedrich,$bWilhelm,$fca 1805-1879$3214760 702 #1 $aFlotow,$bFriedrich,$f1812-1883$4230$3145349 702 #1 $aRosa,$bAugusto,$f1852-1918$4390$3158789 712 02 $aTipografia de Costa Sanches$c(Lisboa)$4650$31290550 712 01 $aPortugal.$bConservatório Nacional.$bEscola de Música$4390$31172174 801 #0 $aPT$bBN 801 #1 $aFR$bJOUVE 966 ## $lBN$mFGMON$sL. 2166 A.$x0 966 ## $lBN$mFGMON$sL. 2167 A.$x0 966 ## $lBN$mMUSICA$sC.N. 315 P. $x6 997 ## $aBIBEOD
Etiqueta de registo: 00405nam 2200157 450 001 1257123 003 http://id.bnportugal.gov.pt/bib/catbnp/1257123 100 ## $a20020606d1877 m y0pory0103 ba 101 0# $apor 102 ## $aPT 200 1# $aCenerentola$bLibreto]$eOpera em 3 actos$fG. Rossini 210 #9 $aLisboa$cTypographia de Costa Sanches (Filhos),$d1877 215 ## $a8 p.$d20 cm 225 2# $aArgumentos de operas italianas 316 ## $aFólios soltos. Carimbo do Conservatório Nacional com a inscrição "Legado Augusto Rosa"$5PTBN: C.N. 298 P. 317 ## $aProv.: Conservatório Nacional$5PTBN: C.N. 298 P. 500 10 $a La cenerentola$lÓperas 606 ## $aÓperas$x[Argumentos]$31273101 606 ## $aLibretos$2CLIPMU$3162053 620 ## $dLisboa 675 ## $a78.089.1$vBN$zpor$3506605 675 ## $a82-293$vBN$zpor$3488282 700 #1 $aFerretti,$bJacopo,$f1784-1852$3100292 702 #1 $aRossini,$bGioachino,$f1792-1868$4230$393958 702 #1 $aRosa,$bAugusto,$f1852-1918$4390$3158789 712 02 $aTipografia de Costa Sanches$c(Lisboa)$4610$31290550 712 01 $aPortugal.$bConservatório Nacional.$bEscola de Música$4390$31172174 801 #0 $aPT$bBN 801 #1 $aFR$bJOUVE 966 ## $lBN$mFGMON$sL. 2166 A.$x0 966 ## $lBN$mMUSICA$sC.N. 298 P. $x6 997 ## $aBIBEOD
Etiqueta de registo: 00401cam 2200157 450 001 1257107 003 http://id.bnportugal.gov.pt/bib/catbnp/1257107 100 ## $a20020606d1877 m y0pory0103 ba 101 0# $apor 102 ## $aPT 200 1# $aRuy Blas$bLibreto]$eopera em 4 actos$fMarchetti 210 #9 $aLisboa$c[Typ. Costa Sanches],$g(Typografia Universal)$d1877 215 ## $a13 [3] p.$d20 cm 225 2# $aArgumentos de óperas italianas 316 ## $aCarimbo do Conservatório Nacional com a inscrição "Legado Augusto Rosa"$5PTBN: C.N. 309 P. 317 ## $aProv.: Conservatório Nacional$5PTBN: C.N. 309 P. 500 10 $aRuy Blas$lÓperas 606 ## $aÓperas$x[Argumentos]$31273101 606 ## $aLibretos$2CLIPMU$3162053 620 ## $dLisboa 675 ## $a78.089.1$vBN$zpor$3506605 675 ## $a82-293$vBN$zpor$3488282 700 #1 $aD'Ormeville,$bCarlo,$f1840-1924$394004 702 #1 $aHugo,$bVictor,$f1802-1885$4100$323526 702 #1 $aMarchetti,$bFilippo,$f1831-1902$4230$394003 702 #1 $aRosa,$bAugusto,$f1852-1918$4390$3158789 712 02 $aTipografia de Costa Sanches$c(Lisboa)$4650$31290550 712 02 $aTipografia Universal$4610$3990029 712 01 $aPortugal.$bConservatório Nacional.$bEscola de Música$4390$31172174 801 #0 $aPT$bBN 801 #1 $aFR$bJOUVE 966 ## $lBN$mFGMON$sL. 2166 A.$x0 966 ## $lBN$mFGMON$sL. 2167 A.$x0 966 ## $lBN$mMUSICA$sC.N. 309 P. $x6 997 ## $aBIBEOD
Etiqueta de registo: 00417cam 2200145 450 001 1257106 003 http://id.bnportugal.gov.pt/bib/catbnp/1257106 100 ## $a20020606d1871 m y0pory0103 ba 101 0# $apor 102 ## $aPT 200 1# $a A filha do regimento$bLibreto]$eOpera em 2 actos (argumento)$fMusica do Maestro Donizetti 210 #9 $aLisboa$cTyp. Costa Sanches$d1871 215 ## $a8 p.$d20 cm 317 ## $aProv.: Conservatório Nacional$5PTBN: C.N. 316 P. 500 10 $a La fille du régiment$lÓperas 606 ## $aÓperas$x[Argumentos]$31273101 606 ## $aLibretos$2CLIPMU$3162053 620 ## $dLisboa 675 ## $a78.089.1$vBN$zpor$3506605 675 ## $a82-293$vBN$zpor$3488282 700 #1 $aSaint-Georges,$bJules-Henri Vernoy de,$f1799-1875$3108011 701 #1 $aBayard,$bJean-François-Alfred,$f1796-1853$4070$314097 702 #1 $aDonizetti,$bGaetano,$f1797-1848$4230$334941 712 02 $aTipografia de Costa Sanches$c(Lisboa)$4650$31290550 712 01 $aPortugal.$bConservatório Nacional.$bEscola de Música$4390$31172174 801 #0 $aPT$bBN 801 #1 $aFR$bJOUVE 966 ## $lBN$mFGMON$sL. 2166 A.$x0 966 ## $lBN$mFGMON$sL. 2167 A.$x0 966 ## $lBN$mMUSICA$sC.N. 316 P. $x6 997 ## $aBIBEOD
Etiqueta de registo: 00411cam 2200145 450 001 1257103 003 http://id.bnportugal.gov.pt/bib/catbnp/1257103 100 ## $a20020606d1866____k y0pory0103 ba 101 0# $apor 102 ## $aPT 105 ## $ay z 000yy 106 ## $ar 200 1# $aLuiza Miller$bLibreto]$eargumento da opera em 3 actos$fmusica do Maestro G. Verdi 210 #9 $aLisboa$cTyp. de Costa Sanches,$d[1866] 215 ## $a8 p.$d18 cm 300 ## $aA ópera baseia-se na peça Kabale und Liebe, de Schiller 321 ## $aMoreau, Mário, O Teatro de S. Carlos : Dois séculos de história, p. 904, para a data
da produção 327 1# $aOs intérpretes associados à lista de personagens 500 10 $aLuisa Miller$lÓperas 606 ## $aÓperas$x[Argumentos]$2SIPOR$31273101 606 ## $aLibretos$2SIPOR$3162053 620 ## $dLisboa 675 ## $a78.089.1$vBN$zpor$3506605 675 ## $a82-293$vBN$zpor$3488282 700 #1 $aCammarano,$bSalvatore,$f1801-1852$393988 702 #1 $aSchiller,$bFriedrich,$f1759-1805$4100$362879 702 #1 $aVerdi,$bGiuseppe,$f1813-1901$4230$352891 712 02 $aTipografia de Costa Sanches$c(Lisboa)$4610$31290550 801 #0 $aPT$bBN 966 ## $lBN$mFGMON$sL. 2166 A.$x0 966 ## $lBN$mMUSICA$sM. 1573 P. 997 ## $aBIBEOD
Etiqueta de registo: 00427cam 2200157 450 001 1257079 003 http://id.bnportugal.gov.pt/bib/catbnp/1257079 100 ## $a20020606d1883 k y0pory0103 ba 101 0# $apor 102 ## $aPT 105 ## $ay z 000yy 106 ## $ar 200 1# $aNabuchodonosor$bLibreto]$eopera em 4 actos$fmusica do Maestro G. Verdi 210 #9 $aLisboa$cTypographia de Costa Sanches F.os,$d1883 215 ## $a1 v.$d8. 225 2# $aArgumentos de óperas italianas 500 10 $aNabucco$lÓperas 518 1# $aNabucodonosor 606 ## $2SIPOR$31273101 606 ## $2SIPOR$3162053 620 ## $dLisboa 675 ## $a78.089.1$vBN$zpor$3506605 675 ## $a82-293$vBN$zpor$3488282 700 #1 $aSolera,$bTemistocle,$f1815-1878$399284 702 #1 $aVerdi,$bGiuseppe,$f1813-1901$4230$352891 712 02 $aTipografia de Costa Sanches$c(Lisboa)$4610$31290550 801 #0 $aPT$bBN 801 #1 $aFR$bJOUVE 966 ## $lBN$mFGMON$sL. 2166 A.$x0 997 ## $aBIBEOD
Etiqueta de registo: 00403nam 2200145 450 001 1257093 003 http://id.bnportugal.gov.pt/bib/catbnp/1257093 100 ## $a20020606d1867 m y0pory01030103ba 101 0# $apor 102 ## $aPT 200 1# $aSemiramis$bLibreto]$eArgumento da opera$eem 2 actos$fMusica do Maestro Rossini 210 #9 $aLisboa$cTypographia de Costa Sanches,$d1867 215 ## $a8 p.$d20 cm 316 ## $aCarimbo do Conservatório Nacional com a inscrição "Legado Augusto Rosa"$5PTBN: C.N. 314 P. 317 ## $aProv.: Conservatório Nacional$5PTBN: C.N. 314 P. 500 10 $aSemiramis$lÓperas 606 ## $2SIPOR$31273101 606 ## $2SIPOR$3162053 620 ## $dLisboa 675 ## $a78.089.1$vBN$zpor$3506605 675 ## $a82-293$vBN$zpor$3488282 700 #1 $aRossi,$bGaetano,$f1774-1855$398984 702 #0 $aVoltaire,$cpseud.$4100$326677 702 #1 $aRossini,$bGioachino,$f1792-1868$4230$393958 702 #1 $aRosa,$bAugusto,$f1852-1918$4390$3158789 712 02 $aTipografia de Costa Sanches$c(Lisboa)$4650$31290550 712 01 $aPortugal.$bConservatório Nacional.$bEscola de Música$4390$31172174 801 #0 $aPT$bBN 801 #1 $aFR$bJOUVE 966 ## $lBN$mFGMON$sL. 2166 A.$x0 966 ## $lBN$mMUSICA$sC.N. 314 P. $x6 997 ## $aBIBEOD
Etiqueta de registo: 00625cam 2200169 450 001 1257067 003 http://id.bnportugal.gov.pt/bib/catbnp/1257067 100 ## $a20020606d1870 m y0pory01030103ba 101 0# $apor$aita 102 ## $aPT 105 ## $ay z 000iy 106 ## $ar 200 1# $aEurico ou o Presbytero de Carteia$bLibreto]$edrama lyrico em 4 actos, extrahido do romance Eurico, o presbytero do Sr. A. Herculano$fpor Pedro Augusto de Lima$ge posto em musica por Miguel Angelo Pereira 210 #9 $aLisboa$cTypographia de Costa Sanches,$d1870 215 ## $a49 p.$d19 cm 300 ## $aEdição bilingue: texto italiano e tradução portuguesa frente a frente 317 ## $aProv.: Conservatório Nacional$5PTBN: C.N. 325 P. 327 1# $aA lista de intérpretes associados às personagens 500 10 $aEurico$lÓperas 517 1# $a O presbítero da Carteia 518 1# $aEurico ou o Presbítero de Carteia 606 ## $aLibretos$2SIPOR$3162053 620 ## $dLisboa 675 ## $a78.089.1$vBN$zpor$3506605 675 ## $a82-293$vBN$zpor$3488282 700 #1 $aLima,$bPedro Augusto de,$f1843-1883$387822 702 #1 $aHerculano,$bAlexandre,$f1810-1877$4100$322536 702 #1 $aPereira,$bMiguel Ângelo,$f1843-1901$4230$3134807 712 02 $aTipografia de Costa Sanches$c(Lisboa)$4610$31290550 712 01 $aPortugal.$bConservatório Nacional.$bEscola de Música$4390$31172174 801 #0 $aPT$bBN$gRPC 801 #1 $aFR$bJOUVE 966 ## $lBN$mFGMON$sL. 2165//3 A. $x0 966 ## $lBN$mFGMON$sL. 2163//10 A. $x0 966 ## $lBN$mMUSICA$sC.N. 325 P. $x6 995 ## $aHERCULANO $d20110603$igrafael
Etiqueta de registo: 00462cam 2200169 450 001 1257078 003 http://id.bnportugal.gov.pt/bib/catbnp/1257078 100 ## $a20020606d1883 k y0pory0103 ba 101 0# $apor 102 ## $aPT 105 ## $ay z 000yy 106 ## $ar 200 1# $aRoberto do Diabo$bLibreto]$eOpera em 5 actos$fMusica do Maestro G. Meyerbeer 205 ## $a2.ª edição 210 #9 $aLisboa$cTypographia de Costa Sanches F.os,$d1883 215 ## $a13 [3] p.$d20 cm 225 2# $aArgumentos de óperas italianas 500 10 $aRobert le diable$lÓperas 606 ## $aÓperas$x[Argumentos]$2SIPOR$31273101 606 ## $aLibretos$2CLIPMU$3162053 620 ## $dLisboa 675 ## $a78.089.1$vBN$zpor$3506605 675 ## $a82-293$vBN$zpor$3488282 700 #1 $aScribe,$bEugène,$f1791-1861$399191 702 #1 $aMeyerbeer,$bGiacomo,$f1791-1864$4230$399196 712 02 $aTipografia de Costa Sanches$c(Lisboa)$4610$31290550 801 #0 $aPT$bBN 801 #1 $aFR$bJOUVE 966 ## $lBN$mFGMON$sL. 2166 A.$x0 997 ## $aBIBEOD
Etiqueta de registo: 01424cam 02200385 04500 001 481268 003 http://id.bnportugal.gov.pt/bib/catbnp/481268 100 ## $a19950112d1875 m y0pory01030103ba 101 0# $apor 102 ## $aPT 105 ## $ay z 000yy 106 ## $ar 200 1# $a A Africana$eopera em 5 actos (argumento)$fmusica do maestro Meyerbeer 210 #9 $aLisboa$cTyp. da Viuva Costa Sanches,$d1875 215 ## $a14, [2] p.$d20 cm 300 ## $aPersonagens: D. Pedro, D. Diogo, D. Inez, Guido de Arezzo, D. Alvaro, Nelusko, Selika,
O Grande Sacerdote de Brahma, Anna, O Presidente do Conselho, um oficial, um porteiro,
um sacerdote 317 ## $aColecção Ivo Cruz$5PTBN: C.I.C. 26 P. 317 ## $aConservatório Nacional$5PTBN: C.N. 307 P. 606 ## $aÓperas$x[Argumentos]$2SIPOR$31273101 675 ## $a782$vBN$zpor$3291551 675 ## $a78.089.1$vBN$zpor$3506605 700 #1 $aScribe,$bEugène,$f1791-1861$399191 702 #1 $aMeyerbeer,$bGiacomo,$f1791-1864$4230$399196 712 02 $aTipografia de Costa Sanches$c(Lisboa)$4650$31290550 712 01 $aPortugal.$bConservatório Nacional.$bEscola de Música$4390$31172174 801 #0 $aPT$bBN$gRPC 856 40 $uhttps://purl.pt/47383 856 41 $uhttps://purl.pt/47383/service/media/cover/low 856 49 $uhttps://purl.pt/47383/service/media/pdf$qapplication/pdf 958 ## $aBND$bLivre$cDigitalizado$d1$ehttps://purl.pt/47383/service/media/cover/max 966 ## $lBN$mMUSICA$pCol. Ivo Cruz$sC.I.C. 26 P. $x2 966 ## $lBN$mMUSICA$pConservatório Nacional$sC.N. 307 P. $x7 976 ## $d20260420$rjamaral 995 ## $aPRR2022 $d20231115$idfontes$zBND
Etiqueta de registo: 00269nam 2200145 450 001 1671425 003 http://id.bnportugal.gov.pt/bib/catbnp/1671425 100 ## $a20071112d1865 k y0pory0103 ba 101 1# $apor 102 ## $aPT 105 ## $ay z 000yy 106 ## $ar 200 1# $aArgumento da opera Rigoletto$bLibreto]$eem tres actos$fmusica do Maestro J. Verdi 210 #9 $aLisboa$cTypographia de Costa Sanches,$d1865 215 ## $a8 p.$d19 cm 317 ## $aProv.: Teatro de São Carlos$5PTBN: T.S.C. 1187 P. 327 1# $aOs intérpretes associados à lista dos personagens 500 10 $aRigoletto$lÓperas 601 02 $aTeatro de São Carlos$j[Libretos]$2SIPOR$31264404 606 ## $aLibretos$2SIPOR$3162053 606 ## $aÓperas$x[Argumentos]$2SIPOR$31273101 620 ## $dLisboa 675 ## $a78.089.1$vBN$zpor$3506605 675 ## $a82-293$vBN$zpor$3488282 700 #1 $aPiave,$bFrancesco Maria,$f1810-1876$384005 702 #1 $aVerdi,$bGiuseppe,$f1813-1901$4230$352891 702 #1 $aRibeiro,$bJosé Vitorino,$f1857-1940$4390$324963 712 02 $aTipografia de Costa Sanches$c(Lisboa)$4610$31290550 712 01 $aPortugal.$bTeatro Nacional de São Carlos$4390$315629 801 #0 $aPT$bBN$gRPC 966 ## $lBN$mMUSICA$sT.S.C. 1187 P.$x6 997 ## $aBIBEOD
Etiqueta de registo: 00462nam 2200157 450 001 1257071 003 http://id.bnportugal.gov.pt/bib/catbnp/1257071 100 ## $a20020606d1866 k y0pory0103 ba 101 1# $aita$apor 102 ## $aPT 105 ## $ay z 000zy 106 ## $ar 200 1# $a A vestal$bLibreto]$etragedia lyrica em 3 actos$fpoesia de Salvador Cammarano$gmusica do Maestro Mercadante 210 #9 $aLisboa$cTypographia de Costa Sanches$d1866 215 ## $a55 [1] p.$d20 cm 300 ## $aEdição bilingue: texto italiano e tradução portuguesa frente a frente 500 10 $a La vestale$lÓperas 606 ## $aLibretos$2SIPOR$3162053 620 ## $dLisboa 675 ## $a78.089.1$vBN$zpor$3506605 675 ## $a82-293$vBN$zpor$3488282 700 #1 $aCammarano,$bSalvatore,$f1801-1852$393988 702 #1 $aMercadante,$bSaverio,$f1795-1870$4230$399163 712 02 $aTipografia de Costa Sanches$c(Lisboa)$4610$31290550 801 #0 $aPT$bBN 856 40 $2Cópia digital disponível na HathiTrust Digital Library $uhttps://babel.hathitrust.org/cgi/pt?id=inu.30000131185005;view=1up;seq=9 966 ## $lBN$mFGMON$sL. 2164//12 A. $x0 966 ## $lBN$mMUSICA$sM. 1584 P.
Etiqueta de registo: 00000ckm 2200025 450 001 1889317 003 http://id.bnportugal.gov.pt/bib/catbnp/1889317 100 ## $a20141120d1962----me-y0pory01030103ba 101 0# $apor 102 ## $aPT 200 1# $aVila Franca de Xira$bVisual gráfico]$eDomingo 4 de Novembro de 1962 ...$e um caso inédito na tauromaquia portuguesa, um matador de toiros, José Júlio, que
lidará 6 toiros ...$f[design grafico] Arte - Madrid 210 #9 $aVila Franca de Xira$cEmpresa Álvaro Guerra,$d[1962]$eLisboa :$gTip. Costa Sanches) 215 ## $a1 cartaz$ccolor.$d80x37 cm 304 ## $aAssinatura ilegível do autor da ilustração 305 ## $aUtilização de Imagem previamente executada em Espanha, pela firma "Arte - Madrid" 306 ## $aData provável, em correspondência com a do evento anunciado 316 ## $aContém dedicatória "a um grande amigo...", de José Júlio, a tinta azul de esferográfica
azul$5PTBN: CT. 5333 R. 316 ## $aApresenta ligeira falha de papel no canto superior esq.º, mas sem prejuízo da letra
nem da representação$5PTBN: CT. 5333 R. 317 ## $aBiblioteca Alberto de Lacerda$5PTBN: CT. 5333 R. 330 ## $aCartaz de anúncio de espetáculo tauromáquico, tendo no registo superior uma reprodução
fotomecânica de desenho colorido ilustrativo de uma cena de toureio a pé 545 1# $a Um caso inédito na tauromaquia portuguesa, um matador de toiros, José Júlio, que
lidará 6 toiros ... 675 ## $a766(=1:469)»1962»(084.5)$vBN$zpor$31616587 675 ## $a791.8(469.411Vila Franca de Xira)»196»(084.5)$vBN$zpor$31616588 675 ## $a791.8Júlio, José(084.5)$vBN$zpor$31612706 712 02 $aEmpresa Álvaro Guerra$4650$31616589 712 02 $aArte - Madrid$4410$31616590 712 02 $aTipografia de Costa Sanches$c(Lisboa)$4610$31290550 801 #0 $aPT$bBN$gRPC 966 ## $lBN$mICONOG$pBiblioteca Alberto de Lacerda$sCT. 5333 R.$x3
Etiqueta de registo: 00000ckm 2200025 450 001 1889015 003 http://id.bnportugal.gov.pt/bib/catbnp/1889015 101 0# $apor 102 ## $aPT 200 1# $aVila Franca de Xira$bVisual gráfico]$eDomingo 4 de Novembro ...$e um caso inédito na tauromaquia portuguesa, um matador de toiros, José Júlio, que
lidará 6 toiros Palha ...$f[ilustr. de] Saavedra 210 #9 $aVila Franca de Xira$cEmpresa Álvaro Guerra,$d[1962]$eLisboa :$gTip. Costa Sanches) 215 ## $a1 cartaz$ccolor.$d70x33 cm 305 ## $aUtilização de Imagem previamente executada em Madrid (menção de "depósito legal M
. 3005 - 1959), pela firma "Imp. y Lit. Velasco (Torerias) - Madrid" 306 ## $aData provável, em correspondência com a do evento anunciado 316 ## $aContém dedicatória autógrafa a tinta de esferográfica azul escura, "Para o amigo e
distinto poeta Alberto de Lacerda com todo o afecto do José Júlio"$5PTBN: CT. 12761 A. 317 ## $aBiblioteca Alberto de Lacerda$5PTBN: CT. 12761 A. 330 ## $aCartaz de anúncio de espetáculo tauromáquico, tendo no registo superior uma reprodução
fotomecânica de pintura a óleo sobre tela, ilustrativa de uma cena de toureio a pé,
em cuja margem inferior se pode ver a assinatura de Saavedra 675 ## $a791.8(469.411)"1962"(084.5)$vBN$zpor$31616643 675 ## $a791.8Júlio, José(084.5)$vBN$zpor$31612706 675 ## $a766(=1:469)"196"(084.5)$vBN$zpor$3952606 702 #1 $aSaavedra,$bSantos,$f1903-1997$4040$31616726 712 02 $aEmpresa Álvaro Guerra$4650$31616589 712 02 $aImp. y Lit. Velasco$c(Torerias)$4510$31616727 712 02 $aTipografia de Costa Sanches$c(Lisboa)$4610$31290550 801 #0 $aPT$bBN$gRPC 966 ## $lBN$mICONOG$pBiblioteca Alberto de Lacerda$sCT. 12761 A.$x3 997 ## $aBIBEOD
Etiqueta de registo: 00254ckm 2200109 450 001 1933727 003 http://id.bnportugal.gov.pt/bib/catbnp/1933727 100 ## $a20160607d1982 me y0pory01030103ba 101 0# $apor 102 ## $aPT 200 1# $aTorres Vedras, Feira de S. Pedro 1982$bVisual gráfico]$f[ilustr.] Saavedra$g[design] Graficas Garme 210 #9 $a[S.l.]$cEmpresa J. V. A.,$d[1982]$e[s.l.] :$gTip. Costa Sanches) 215 ## $a1 cartaz$ccolor.$d100x48 cm 306 ## $aData atribuída em conformidade com o evento, em conjugação com as características
formais do documento 317 ## $aColeção Madeira Luís$5PTBN: CT. 5851 R. 330 ## $aAo alto, em grande plano, reprodução de pintura de Saavedra, com cena de toureio a
cavalo numa praça de touros 675 ## $a75(=1:460)"19"(084.5)$vBN$zpor$31612306 675 ## $a766(=1:469)"198"(084.5)$vBN$zpor$31302430 675 ## $a791.8(469.411Torres Vedras)"1982"(084.5)$vBN$zpor$31648400 702 #1 $aSaavedra,$bSantos,$f1903-1997$4040$31616726 712 02 $aEmpresa J. V. A.$4650$31191885 712 02 $aGraficas Garme$4410$31648401 712 02 $aTipografia de Costa Sanches$c(Lisboa)$4610$31290550 801 #0 $aPT$bBN$gRPC 966 ## $lBN$mICONOG$pFrancisco Madeira Luís$sCT. 5851 R.$x3
Etiqueta de registo: 00254nam 2200025 450 001 1968183 003 http://id.bnportugal.gov.pt/bib/catbnp/1968183 100 ## $a20170725d1859 m y0pory01030103ba 101 0# $apor$cfre 102 ## $aPT 105 ## $ay z 000yy 106 ## $ar 200 0# $aThesouro de adultas$eou Dialogos entre uma sabia mestra e suas discipulas da primeira graduação$fcompostos na lingua franceza por Madama Leprince de Beaumont$ge traduzidos na portugueza por Joaquim Ignacio de Frias.$hVolume I [-Volume II] 205 ## $aTerceira edição emendada em algumas passagens á vista do original 210 #9 $aLisboa$cTypographia de Costa Sanches...,$d1859 215 ## $a2 v.$d8º (15 cm) 306 ## $aSob o pé de imprensa: «Vende-se no armazem de livros de Borel, Borel & C.ª rua de
S. Julião (vulgo dos Algibebes,) n.º 23» 327 1# $aV. 1: 18, 383, [1] p. ; V. 2: 447, [1] p. 518 1# $aTesouro de adultas 620 ## $dLisboa 700 #1 $aLeprince de Beaumont,$bJeanne-Marie,$f1711-1780$31414523 702 #1 $aFrias,$bJoaquim Inácio de,$f1749-1805$4730$3249481 712 02 $aTipografia de Costa Sanches$c(Lisboa)$4650$31290550 801 #0 $aPT$bBN$gRPC 966 ## $dV. 1$lBN$mFGMON$nMau estado.$sS.A. 2291 P. 966 ## $dV. 2$lBN$mFGMON$nMau estado.$sS.A. 2292 P. 997 ## $aBIBEOD
Etiqueta de registo: 00650cam 2200205 450 001 663528 003 http://id.bnportugal.gov.pt/bib/catbnp/663528 100 ## $a19970311d1868 k y0pory01030103ba 101 1# $aita$cpor 102 ## $aPT 105 ## $ay z 000yy 106 ## $ar 200 1# $a O matrimonio secreto$bLibreto]$emelodrama jocoso em 2 actos$fde Giovanni Bertati$gmusica do maestro Domenico Cimarosa 210 #9 $aLisboa$cTypographia de Costa Sanches,$d1868 215 ## $a71, [1] p.$d16 cm 300 ## $aEdição bilingue: texto em italiano e tradução portuguesa frente a frente 317 ## $aProv.: Conservatório Nacional$5PTBN: C.N. 10, 237 P. 317 ## $aProv.: Teatro de São Carlos$5PTBN: T.S.C. 938/39/40,T.S.C. 959 P.,T.S.C. 1527//6 P. 327 1# $aOs intérpretes associados à lista dos personagens 500 10 $a Il matrimonio segreto$lÓperas 606 ## $aLibretos$2SIPOR$3162053 620 ## $dLisboa 675 ## $a78.089.1$vBN$zpor$3506605 675 ## $a82-293$vBN$zpor$3488282 700 #1 $aBertati,$bGiovanni,$f1735-1815$340423 702 #1 $aCimarosa,$bDomenico,$f1749-1801$4230$325892 712 02 $aTipografia de Costa Sanches$c(Lisboa)$4610$31290550 712 01 $aPortugal.$bConservatório Nacional.$bEscola de Música$4390$31172174 712 01 $aPortugal.$bTeatro Nacional de São Carlos$4390$315629 801 #0 $aPT$bBN$gRPC 966 ## $lBN$mFGMON$sL. 5764//1 P. 966 ## $lBN$mFGMON$sL. 53514 P. 966 ## $lBN$mMUSICA$sC.N. 10 P. $x6 966 ## $lBN$mMUSICA$sC.N. 237 P. $x6 966 ## $lBN$mMUSICA$sM. 972 P. $x0 966 ## $lBN$mMUSICA$sT.S.C. 938 P. $x6 966 ## $lBN$mMUSICA$sT.S.C. 939 P. $x6 966 ## $lBN$mMUSICA$sT.S.C. 959 P. $x6 966 ## $lBN$mMUSICA$sT.S.C. 1527//6 P. $x6 997 ## $aBIBEOD
Etiqueta de registo: 00557cam 2200193 450 001 553197 003 http://id.bnportugal.gov.pt/bib/catbnp/553197 100 ## $a19950802d1880 m y0pory01030103ba 101 0# $apor$aita 102 ## $aPT 105 ## $ay z 000iy 106 ## $ar 200 1# $a O guarany$eopera em 4 actos$fmusica do maestro brasileiro António Carlos Gomes 210 #9 $aLisboa$cTyp. de Costa Sanches,$d1880 215 ## $a85 p.$d20 cm 300 ## $aPersonagens: D. Antonio de Mariz, Cecilia, Pery, D. Alvaro, Gonzales, Ruy-Bento, Alonso,
cacique, Pedro 304 ## $aEd. bilingue em italiano e português 317 ## $aConservatório Nacional$5PTBN: C.N. 788 P.-C.N. 789 P. 500 10 $a Il Guarany.$nLibreto 606 ## $aÓperas$j[Libretos]$2SIPOR$31158641 675 ## $a78.089.1$vBN$zpor$3506605 675 ## $a82-293$vBN$zpor$3488282 700 #1 $aScalvini,$bAntonio,$f1835-1881$3883637 701 #1 $aD'Ormeville,$bCarlo,$f1840-1924$4070$394004 701 #1 $aGomes,$bCarlos,$f1836-1896$4230$335186 712 02 $aTipografia de Costa Sanches$c(Lisboa)$4610$31290550 712 01 $aPortugal.$bConservatório Nacional.$bEscola de Música$4390$31172174 801 #0 $aPT$bBN$gRPC 966 ## $lBN$mFGMON$sL. 2163//12 A. $x0 966 ## $lBN$mFGMON$sL. 2165//5 A. $x0 966 ## $lBN$mFGMON$sL. 46633 P. 966 ## $lBN$mMUSICA$pConservatório Nacional$sC.N. 788 P. $x7 966 ## $lBN$mMUSICA$pConservatório Nacional$sC.N. 789 P. $x7 976 ## $d20260424$rjamaral 997 ## $aBIBEOD
Etiqueta de registo: 01443cam 2200349 450 001 192548 003 http://id.bnportugal.gov.pt/bib/catbnp/192548 100 ## $a19981129d1865 m y0pora01030103ba 101 1# $apor 102 ## $aPT 105 ## $ay z 000iy 106 ## $ar 200 1# $aFausto$edrama lyrico em cinco actos$fJ. Barbier e M. Cairé$gversão italiana de Achilles de Lauziére$gmúsica do maestro G. Gounot 210 #9 $aLisboa$cTyp. de Costa Sanches,$d1865 215 ## $a93 p.$d20 cm 225 2# $aGaleria lyrica$ecollecção de librettos de operas italianas.$hSerie 2$v8 300 ## $aPersonagens: Doutor Fausto, Mephistopheles, Valentim, Wagner, Margarida, Siebel, Martha 304 ## $aEd. bilingue em italiano e português 317 ## $aIPPC, Fundo do Conde de Redondo$5PTBN: F.C.R. 9 P. 317 ## $aConservatório Nacional$5PTBN: C.N. 787 P. 601 02 $aTeatro de São Carlos$j[Libretos]$2SIPOR$31264404 606 ## $aÓperas$j[Libretos]$2SIPOR$31158641 675 ## $a78.089.1$vBN$zpor$3506605 675 ## $a82-293$vBN$zpor$3488282 700 #1 $aBarbier,$bJules,$f1825-1901$393975 701 #1 $aCarré,$bMichel,$f1822-1872$4070$31205536 701 #1 $aGounod,$bCharles,$f1818-1893$4230$338487 702 #1 $aLauziéres,$bAchille de,$f1800-1875$4010$3390533 712 02 $aTipografia de Costa Sanches$c(Lisboa)$4610$31290550 712 01 $aPortugal.$bInstituto Português do Património Cultural.$bDepartamento de Musicologia$4390$3285717 712 01 $aPortugal.$bConservatório Nacional.$bEscola de Música$4390$31172174 801 #0 $aPT$bBN$gRPC 856 40 $uhttps://purl.pt/46282 856 41 $uhttps://purl.pt/46282/service/media/cover/low 856 49 $uhttps://purl.pt/46282/service/media/pdf$qapplication/pdf 958 ## $aBND$bLivre$cDigitalizado$d1$ehttps://purl.pt/46282/service/media/cover/max 966 ## $lBN$mFGMON$sB.R. 3379 966 ## $lBN$mFGMON$sL. 5758//3 P. 966 ## $lBN$mFGMON$sL. 47033 P. 966 ## $lBN$mMUSICA$pConservatório Nacional$sC.N. 787 P. $x7 966 ## $lBN$mMUSICA$sF.C.R. 9 P. $x6 976 ## $d20260424$rjamaral 995 ## $aPRR2022 $d20231115$idfontes$zBND
Etiqueta de registo: 00269nam 2200145 450 001 1579251 003 http://id.bnportugal.gov.pt/bib/catbnp/1579251 100 ## $a20070323d1865 m y0pory01030103ba 101 0# $aita $apor 102 ## $aPT 105 ## $ay z 0001y 106 ## $ar 200 1# $aAnna Bolena$etragedia lyrica em 2 actos$fmusica do maestro Caetano Donizetti$gpoesia de Felice Romani 210 #1 $aLisboa$cTyp. de Costa Sanches,$d1865 215 ## $a75 p.$d20 cm 225 2# $aGaleria lyrica$ecollecção de librettos de operas italianas.$hSerie 1$v6 300 ## $aPersonagens: Henrique VIII, Anna Bolena, Joanna Seymour, Lord Rochefort, Lord Ricardo
Percy, Smeton, Sir Hervey 305 ## $aEd. bilingue em italiano e português 316 ## $aFólios soltos, com marcas de terem estado dobrados$5PTBN: M. 1103 P. 317 ## $aConservatório Nacional$5PTBN: C.N. 776 P. 540 1# $aAna Bolena 601 02 $aTeatro de São Carlos$j[Libretos]$2SIPOR$31264404 606 ## $aÓperas$j[Libretos]$2SIPOR$31158641 675 ## $a78.089.1$vBN$zpor$3506605 675 ## $a82-293$vBN$zpor$3488282 700 #1 $aRomani,$bFelice,$f1788-1865$364211 702 #1 $aDonizetti,$bGaetano,$f1797-1848$4230$334941 712 02 $aTipografia de Costa Sanches$c(Lisboa)$4610$31290550 712 01 $aPortugal.$bConservatório Nacional.$bEscola de Música$4390$31172174 801 #0 $aPT$bBN$gRPC 856 40 $2Cópia digital disponível na Biblioteca Marucelliana - Firenze$uhttps://www.internetculturale.it/jmms/iccuviewer/iccu.jsp?id=oai%3Awww.internetculturale.sbn.it%2FTeca%3A20%3ANT0000%3AN%3AMUS0007012 966 ## $lBN$mMUSICA$pConservatório Nacional$sC.N. 776 P. $x7 966 ## $lBN$mMUSICA$sM. 1103 P.$x7 976 ## $d20260422$rjamaral 997 ## $aBIBEOD
Etiqueta de registo: 00653nam 2200205 450 001 2284543 003 http://id.bnportugal.gov.pt/bib/catbnp/2284543 100 ## $a20260416d1868 m y0pory01030103ba 101 0# $aita$apor 102 ## $aPT 105 ## $ay z 000iy 106 ## $ar 200 1# $a A favorita$emelodrama em 4 actos$fmusica do cavalheiro Donizetti$fversão italiana do sr. Francisco Jannetti$gversão portugueza de Antonio Profumo 205 ## $a2ª ed 210 #9 $aLisboa$cTyp. Costa Sanches,$d1868 215 ## $a63, [1] p.$d19 cm 225 2# $aGaleria lyrica$ecollecção de librettos de operas italianas.$hSerie 1$v4 305 ## $aEd. bilingue em italiano e português 317 ## $aConservatório Nacional$5PTBN: C.N. 485 P.-C.N. 486 P. 500 10 $a La favorite.$nLibreto 606 ## $aÓperas$j[Libretos]$2SIPOR$31158641 675 ## $a78.089.1$vBN$zpor$3506605 700 #1 $aRoyer,$bAlphonse,$f1803-1875$3214567 701 #1 $aVaëz,$bGustave,$f1812-1862$4070$3315000 702 #1 $aDonizetti,$bGaetano,$f1797-1848$4230$334941 702 #1 $aJanetti,$bFrancesco,$f1812-1855$4730$3315002 702 #1 $aPrefumo,$bAntónio,$f?-1857$4730$3165163 712 02 $aTipografia de Costa Sanches$c(Lisboa)$4650$31290550 712 01 $aPortugal.$bConservatório Nacional.$bEscola de Música$4390$31172174 801 #0 $aPT$bBN$gRPC 966 ## $lBN$mMUSICA$pConservatório Nacional$sC.N. 485 P. $x7 966 ## $lBN$mMUSICA$pConservatório Nacional$sC.N. 486 P. $x7 971 ## $cjamaral$d20260416 997 ## $aBIBEOD
Etiqueta de registo: 00653cam 2200205 450 001 997824 003 http://id.bnportugal.gov.pt/bib/catbnp/997824 100 ## $a19990628d1864 m y0pory01030103ba 101 0# $aita$apor 102 ## $aPT 105 ## $ay z 000iy 106 ## $ar 200 1# $a A favorita$emelodrama em 4 actos$fmusica do cavalheiro Donizetti$fversão italiana do sr. Francisco Jannetti$gversão portugueza de Antonio Prefumo 210 #9 $aLisboa$cTyp. Costa Sanches,$d1864 215 ## $a63 p.$d19 cm 225 2# $aGaleria lyrica$ecollecção de librettos de operas italianas.$hSerie 1$v4 305 ## $aEd. bilingue em italiano e português 317 ## $aConservatório Nacional$5PTBN: C.N. 483 P.-C.N. 484 P. 500 10 $a La favorite.$nLibreto 606 ## $aÓperas$j[Libretos]$2SIPOR$31158641 675 ## $a78.089.1$vBN$zpor$3506605 700 #1 $aRoyer,$bAlphonse,$f1803-1875$3214567 701 #1 $aVaëz,$bGustave,$f1812-1862$4070$3315000 702 #1 $aDonizetti,$bGaetano,$f1797-1848$4230$334941 702 #1 $aJanetti,$bFrancesco,$f1812-1855$4730$3315002 702 #1 $aPrefumo,$bAntónio,$f?-1857$4730$3165163 712 02 $aTipografia de Costa Sanches$c(Lisboa)$4650$31290550 712 01 $aPortugal.$bConservatório Nacional.$bEscola de Música$4390$31172174 801 #0 $aPT$bBN$gRPC 966 ## $lBN$mFGMON$sL. 5758//5 P. 966 ## $lBN$mMUSICA$pConservatório Nacional$sC.N. 483 P. $x7 966 ## $lBN$mMUSICA$pConservatório Nacional$sC.N. 484 P. $x7 976 ## $d20260415$rjamaral 997 ## $aBIBEOD
Etiqueta de registo: 00557nam 2200193 450 001 2285190 003 http://id.bnportugal.gov.pt/bib/catbnp/2285190 100 ## $a20260424d1869 m y0pory01030103ba 101 0# $apor$aita 102 ## $aPT 105 ## $ay z 000iy 106 ## $ar 200 1# $a A judia$eopera em 5 actos$foriginal de Eugenio Scribe$gmusica de F. Halévy 210 #9 $aLisboa$cTyp. de Costa Sanches,$d1869 215 ## $a81 p.$d19 cm 300 ## $aPersonagens: judeu Eliezer, Cardeal João Francisco Brogni, principe Leopoldo, princesa
Eudoxia, Rachel, Rugeiro, Alberto, arauto 304 ## $aEd. bilingue em italiano e português 317 ## $aConservatório Nacional$5PTBN: C.N. 792 P.-C.N. 793 P. 500 10 $a La Juive.$nLibreto 606 ## $aÓperas$j[Libretos]$2SIPOR$31158641 675 ## $a78.089.1$vBN$zpor$3506605 675 ## $a82-293$vBN$zpor$3488282 700 #1 $aScribe,$bEugène,$f1791-1861$399191 701 #1 $aHalévy,$bFromental,$f1799-1862$4230$394458 712 02 $aTipografia de Costa Sanches$c(Lisboa)$4610$31290550 712 01 $aPortugal.$bConservatório Nacional.$bEscola de Música$4390$31172174 801 #0 $aPT$bBN$gRPC 966 ## $lBN$mMUSICA$pConservatório Nacional$sC.N. 792 P. $x7 966 ## $lBN$mMUSICA$pConservatório Nacional$sC.N. 793 P. $x7 971 ## $cjamaral$d20260424 997 ## $aBIBEOD
Etiqueta de registo: 00514cam 2200181 450 001 997844 003 http://id.bnportugal.gov.pt/bib/catbnp/997844 100 ## $a19990628d1868 m y0pory01030103ba 101 0# $aita$apor 102 ## $aPT 105 ## $ay z 000iy 106 ## $ar 200 1# $a A muda de Portici$edrama lyrico em 5 actos$fmusica do Maestro Auber 210 #9 $aLisboa$cTyp. de Costa Sanches,$d1868 215 ## $a65 p.$d20 cm 225 2# $aGaleria lyrica$ecollecção de librettos de operas italianas.$hSerie 2$v11 300 ## $aPersonagens: Affonso, Elvira, Fenela, Masaniello, Pedro, Borella, Lourenço, Selva 304 ## $aEd. bilingue em italiano e português 316 ## $aExemplar truncado, faltam pág. 7-10$5PTBN: C.N. 800 P. 317 ## $aConservatório Nacional$5PTBN: C.N. 800 P.-C.N. 801 P., C.N. 831 P. 500 10 $a La muette de Portici.$nLibreto 601 02 $aTeatro de São Carlos$j[Libretos]$2SIPOR$31264404 606 ## $aÓperas$j[Libretos]$2SIPOR$31158641 675 ## $a78.089.1$vBN$zpor$3506605 675 ## $a82-293$vBN$zpor$3488282 700 #1 $aScribe,$bEugène,$f1791-1861$399191 701 #1 $aDelavigne,$bGermain,$f1790-1868$4070$382673 701 #1 $aAuber,$bDaniel François Esprit,$f1782-1871$4230$399098 712 02 $aTipografia de Costa Sanches$c(Lisboa)$4610$31290550 712 01 $aPortugal.$bConservatório Nacional.$bEscola de Música$4390$31172174 801 #0 $aPT$bBN$gRPC 966 ## $lBN$mFGMON$sL. 5764//10 P. 966 ## $lBN$mMUSICA$pConservatório Nacional$sC.N. 800 P. $x7 966 ## $lBN$mMUSICA$pConservatório Nacional$sC.N. 801 P. $x7 966 ## $lBN$mMUSICA$pConservatório Nacional$sC.N. 831 P. $x7 976 ## $d20260428$rjamaral 997 ## $aBIBEOD
Etiqueta de registo: 00269nam 2200145 450 001 2285488 003 http://id.bnportugal.gov.pt/bib/catbnp/2285488 100 ## $a20260429d1879 m y0pory01030103ba 101 1# $apor 102 ## $aPT 105 ## $ay z 000iy 106 ## $ar 200 1# $a O propheta$eopera em 5 actos$fmusica do cavalheiro G. Meyerbeer$gpoesia original franceza de Mr. Eugenio Scribe$gversão portugueza de Antonio Perfumo 210 #9 $aLisboa$c[s.n.],$d1879 215 ## $a29 p.$d20 cm 300 ## $aPersonagens: João de Leyde, Zacharias, Jonas, Mathias, Conde D'Oberthal, Fides, Berta,
Camponez, soldado, burguez, menino do coro 317 ## $aConservatório Nacional$5PTBN: C.N. 805 P. 500 10 $a Le prophète.$nLibreto 518 1# $a O profeta 606 ## $aÓperas$j[Libretos]$2SIPOR$31158641 675 ## $a78.089.1$vBN$zpor$3506605 675 ## $a82-293$vBN$zpor$3488282 700 #1 $aScribe,$bEugène,$f1791-1861$399191 701 #1 $aMeyerbeer,$bGiacomo,$f1791-1864$4230$399196 702 #1 $aPrefumo,$bAntónio,$f?-1857$4730$3165163 712 02 $aTipografia de Costa Sanches$c(Lisboa)$4610$31290550 712 01 $aPortugal.$bConservatório Nacional.$bEscola de Música$4390$31172174 801 #0 $aPT$bBN$gRPC 966 ## $lBN$mMUSICA$pConservatório Nacional$sC.N. 805 P. $x7 971 ## $cjamaral$d20260429 997 ## $aBIBEOD
Etiqueta de registo: 00269nam 2200145 450 001 2286042 003 http://id.bnportugal.gov.pt/bib/catbnp/2286042 100 ## $a20260508d1869 m y0pory01030103ba 101 0# $aita $apor 102 ## $aPT 105 ## $ay z 000iy 106 ## $ar 200 1# $aJone$edrama lyrico em 4 actos$fde Giovanni Peruzzini$gmusica do maestro Eurico Petrella 210 #9 $aLisboa$cTyp. de Costa Sanches,$d1869 215 ## $a79 p.$d21 cm 300 ## $aPersonagens: Arbace, Jone, Glauco, Nidia, Burbo, Sallustio, Clodio, Dirce, um sacerdote,
um escravo 305 ## $aEd. bilingue em italiano e português 317 ## $aConservatório Nacional$5PTBN: C.N. 832 P. 500 10 $aJone.$nLibreto 606 ## $aÓperas$j[Libretos]$2SIPOR$31158641 675 ## $a78.089.1$vBN$zpor$3506605 675 ## $a82-293$vBN$zpor$3488282 700 #1 $aPeruzzini,$bGiovanni,$f1815-1869$31161788 701 #1 $aPetrella,$bErrico,$f1813-1877$4230$3542981 702 #1 $aLytton,$bEdward Bulwer Lytton,$f1803-1873$4100$360423 712 02 $aTipografia de Costa Sanches$c(Lisboa)$4610$31290550 712 01 $aPortugal.$bConservatório Nacional.$bEscola de Música$4390$31172174 801 #0 $aPT$bBN$gRPC 966 ## $lBN$mMUSICA$pConservatório Nacional$sC.N. 832 P. $x7 971 ## $cjamaral$d20260508 997 ## $aBIBEOD
|
|
|